| LEADER | 48540n m a22051013u 4500 | ||
|---|---|---|---|
| 001 | 10049598 | ||
| 003 | upatras | ||
| 005 | 20240105084803.0 | ||
| 008 | 040220s2004 gre | ||
| 040 | |a GR-PaULI |c GR-PaULI | ||
| 245 | 1 | 0 | |a Κλειδιά θυρίδων |
| 300 | |a 200 κλειδιά | ||
| 852 | |a GR-PaULI |b ΠΑΤΡΑ |b ΒΚΠ |b ΓΚ1 |k ΓΚ1 |p 025000117501 |t 1 |3 Α1 | ||
| 852 | |a GR-PaULI |b ΠΑΤΡΑ |b ΒΚΠ |b ΓΚ1 |k ΓΚ1 |p 025000117513 |t 13 |3 Β1 | ||
| 852 | |a GR-PaULI |b ΠΑΤΡΑ |b ΒΚΠ |b ΓΚ1 |k ΓΚ1 |p 025000117525 |t 25 |3 Γ1 | ||
| 852 | |a GR-PaULI |b ΠΑΤΡΑ |b ΒΚΠ |b ΓΚ1 |k ΓΚ1 |p 025000117537 |t 37 |3 Δ1 | ||
| 852 | |a GR-PaULI |b ΠΑΤΡΑ |b ΒΚΠ |b ΓΚ1 |k ΓΚ1 |p 025000117549 |t 49 |3 Ε1 | ||
| 852 | |a GR-PaULI |b ΠΑΤΡΑ |b ΒΚΠ |b ΓΚ1 |k ΓΚ1 |p 025000117561 |t 61 |3 ΣΤ1 | ||
| 852 | |a GR-PaULI |b ΠΑΤΡΑ |b ΒΚΠ |b ΓΚ1 |k ΓΚ1 |p 025000117573 |t 73 |3 Ζ1 | ||
| 852 | |a GR-PaULI |b ΠΑΤΡΑ |b ΒΚΠ |b ΓΚ1 |k ΓΚ1 |p 025000117597 |t 97 |3 Θ1 | ||
| 852 | |a GR-PaULI |b ΠΑΤΡΑ |b ΒΚΠ |b ΓΚ1 |k ΓΚ1 |p 025000117609 |t 109 |3 Ι1 | ||
| 852 | |a GR-PaULI |b ΠΑΤΡΑ |b ΒΚΠ |b ΓΚ1 |k ΓΚ1 |p 025000117621 |t 121 |3 ΙΑ1 | ||
| 852 | |a GR-PaULI |b ΠΑΤΡΑ |b ΒΚΠ |b ΓΚ1 |k ΓΚ1 |p 025000161523 |t 145 |3 ΙΓ1 | ||
| 852 | |a GR-PaULI |b ΠΑΤΡΑ |b ΒΚΠ |b ΓΚ1 |k ΓΚ1 |p 025000161535 |t 157 |3 ΙΔ1 | ||
| 852 | |a GR-PaULI |b ΠΑΤΡΑ |b ΒΚΠ |b ΓΚ1 |k ΓΚ1 |p 025000161547 |t 169 |3 ΙΕ1 | ||
| 852 | |a GR-PaULI |b ΠΑΤΡΑ |b ΒΚΠ |b ΓΚ1 |k ΓΚ1 |p 025000161555 |t 177 |3 ΙΣΤ1 | ||
| 852 | |a GR-PaULI |b ΠΑΤΡΑ |b ΒΚΠ |b ΓΚ1 |k ΓΚ1 |p 025000161567 |t 189 |3 ΙΖ1 | ||
| 852 | |a GR-PaULI |b ΠΑΤΡΑ |b ΒΚΠ |b ΓΚ1 |k ΓΚ1 |p 025000117502 |t 2 |3 Α2 | ||
| 852 | |a GR-PaULI |b ΠΑΤΡΑ |b ΒΚΠ |b ΓΚ1 |k ΓΚ1 |p 025000117514 |t 14 |3 Β2 | ||
| 852 | |a GR-PaULI |b ΠΑΤΡΑ |b ΒΚΠ |b ΓΚ1 |k ΓΚ1 |p 025000117526 |t 26 |3 Γ2 | ||
| 852 | |a GR-PaULI |b ΠΑΤΡΑ |b ΒΚΠ |b ΓΚ1 |k ΓΚ1 |p 025000117538 |t 38 |3 Δ2 | ||
| 852 | |a GR-PaULI |b ΠΑΤΡΑ |b ΒΚΠ |b ΓΚ1 |k ΓΚ1 |p 025000117550 |t 50 |3 Ε2 | ||
| 852 | |a GR-PaULI |b ΠΑΤΡΑ |b ΒΚΠ |b ΓΚ1 |k ΓΚ1 |p 025000117562 |t 62 |3 ΣΤ2 | ||
| 852 | |a GR-PaULI |b ΠΑΤΡΑ |b ΒΚΠ |b ΓΚ1 |k ΓΚ1 |p 025000117574 |t 74 |3 Ζ2 | ||
| 852 | |a GR-PaULI |b ΠΑΤΡΑ |b ΒΚΠ |b ΓΚ1 |k ΓΚ1 |p 025000117586 |t 86 |3 Η2 | ||
| 852 | |a GR-PaULI |b ΠΑΤΡΑ |b ΒΚΠ |b ΓΚ1 |k ΓΚ1 |p 025000117598 |t 98 |3 Θ2 | ||
| 852 | |a GR-PaULI |b ΠΑΤΡΑ |b ΒΚΠ |b ΓΚ1 |k ΓΚ1 |p 025000117610 |t 110 |3 Ι2 | ||
| 852 | |a GR-PaULI |b ΠΑΤΡΑ |b ΒΚΠ |b ΓΚ1 |k ΓΚ1 |p 025000117622 |t 122 |3 ΙΑ2 | ||
| 852 | |a GR-PaULI |b ΠΑΤΡΑ |b ΒΚΠ |b ΓΚ1 |k ΓΚ1 |p 025000117634 |t 134 |3 ΙΒ2 | ||
| 852 | |a GR-PaULI |b ΠΑΤΡΑ |b ΒΚΠ |b ΓΚ1 |k ΓΚ1 |p 025000161524 |t 146 |3 ΙΓ2 | ||
| 852 | |a GR-PaULI |b ΠΑΤΡΑ |b ΒΚΠ |b ΓΚ1 |k ΓΚ1 |p 025000161536 |t 158 |3 ΙΔ2 | ||
| 852 | |a GR-PaULI |b ΠΑΤΡΑ |b ΒΚΠ |b ΓΚ1 |k ΓΚ1 |p 025000161548 |t 170 |3 ΙΕ2 | ||
| 852 | |a GR-PaULI |b ΠΑΤΡΑ |b ΒΚΠ |b ΓΚ1 |k ΓΚ1 |p 025000161556 |t 178 |3 ΙΣΤ2 | ||
| 852 | |a GR-PaULI |b ΠΑΤΡΑ |b ΒΚΠ |b ΓΚ1 |k ΓΚ1 |p 025000161568 |t 190 |3 ΙΖ2 | ||
| 852 | |a GR-PaULI |b ΠΑΤΡΑ |b ΒΚΠ |b ΓΚ1 |k ΓΚ1 |p 025000117503 |t 3 |3 Α3 | ||
| 852 | |a GR-PaULI |b ΠΑΤΡΑ |b ΒΚΠ |b ΓΚ1 |k ΓΚ1 |p 025000117515 |t 15 |3 Β3 | ||
| 852 | |a GR-PaULI |b ΠΑΤΡΑ |b ΒΚΠ |b ΓΚ1 |k ΓΚ1 |p 025000117539 |t 39 |3 Δ3 | ||
| 852 | |a GR-PaULI |b ΠΑΤΡΑ |b ΒΚΠ |b ΓΚ1 |k ΓΚ1 |p 025000117551 |t 51 |3 Ε3 | ||
| 852 | |a GR-PaULI |b ΠΑΤΡΑ |b ΒΚΠ |b ΓΚ1 |k ΓΚ1 |p 025000117563 |t 63 |3 ΣΤ3 | ||
| 852 | |a GR-PaULI |b ΠΑΤΡΑ |b ΒΚΠ |b ΓΚ1 |k ΓΚ1 |p 025000117575 |t 75 |3 Ζ3 | ||
| 852 | |a GR-PaULI |b ΠΑΤΡΑ |b ΒΚΠ |b ΓΚ1 |k ΓΚ1 |p 025000117587 |t 87 |3 Η3 | ||
| 852 | |a GR-PaULI |b ΠΑΤΡΑ |b ΒΚΠ |b ΓΚ1 |k ΓΚ1 |p 025000117599 |t 99 |3 Θ3 | ||
| 852 | |a GR-PaULI |b ΠΑΤΡΑ |b ΒΚΠ |b ΓΚ1 |k ΓΚ1 |p 025000117611 |t 111 |3 Ι3 | ||
| 852 | |a GR-PaULI |b ΠΑΤΡΑ |b ΒΚΠ |b ΓΚ1 |k ΓΚ1 |p 025000117623 |t 123 |3 ΙΑ3 | ||
| 852 | |a GR-PaULI |b ΠΑΤΡΑ |b ΒΚΠ |b ΓΚ1 |k ΓΚ1 |p 025000117635 |t 135 |3 ΙΒ3 | ||
| 852 | |a GR-PaULI |b ΠΑΤΡΑ |b ΒΚΠ |b ΓΚ1 |k ΓΚ1 |p 025000161525 |t 147 |3 ΙΓ3 | ||
| 852 | |a GR-PaULI |b ΠΑΤΡΑ |b ΒΚΠ |b ΓΚ1 |k ΓΚ1 |p 025000161537 |t 159 |3 ΙΔ3 | ||
| 852 | |a GR-PaULI |b ΠΑΤΡΑ |b ΒΚΠ |b ΓΚ1 |k ΓΚ1 |p 025000161549 |t 171 |3 ΙΕ3 | ||
| 852 | |a GR-PaULI |b ΠΑΤΡΑ |b ΒΚΠ |b ΓΚ1 |k ΓΚ1 |p 025000161557 |t 179 |3 ΙΣΤ3 | ||
| 852 | |a GR-PaULI |b ΠΑΤΡΑ |b ΒΚΠ |b ΓΚ1 |k ΓΚ1 |p 025000117504 |t 4 |3 Α4 | ||
| 852 | |a GR-PaULI |b ΠΑΤΡΑ |b ΒΚΠ |b ΓΚ1 |k ΓΚ1 |p 025000117516 |t 16 |3 Β4 | ||
| 852 | |a GR-PaULI |b ΠΑΤΡΑ |b ΒΚΠ |b ΓΚ1 |k ΓΚ1 |p 025000117540 |t 40 |3 Δ4 | ||
| 852 | |a GR-PaULI |b ΠΑΤΡΑ |b ΒΚΠ |b ΓΚ1 |k ΓΚ1 |p 025000117552 |t 52 |3 Ε4 | ||
| 852 | |a GR-PaULI |b ΠΑΤΡΑ |b ΒΚΠ |b ΓΚ1 |k ΓΚ1 |p 025000117564 |t 64 |3 ΣΤ4 | ||
| 852 | |a GR-PaULI |b ΠΑΤΡΑ |b ΒΚΠ |b ΓΚ1 |k ΓΚ1 |p 025000117576 |t 76 |3 Ζ4 | ||
| 852 | |a GR-PaULI |b ΠΑΤΡΑ |b ΒΚΠ |b ΓΚ1 |k ΓΚ1 |p 025000117588 |t 88 |3 Η4 | ||
| 852 | |a GR-PaULI |b ΠΑΤΡΑ |b ΒΚΠ |b ΓΚ1 |k ΓΚ1 |p 025000117600 |t 100 |3 Θ4 | ||
| 852 | |a GR-PaULI |b ΠΑΤΡΑ |b ΒΚΠ |b ΓΚ1 |k ΓΚ1 |p 025000117612 |t 112 |3 Ι4 | ||
| 852 | |a GR-PaULI |b ΠΑΤΡΑ |b ΒΚΠ |b ΓΚ1 |k ΓΚ1 |p 025000117624 |t 124 |3 ΙΑ4 | ||
| 852 | |a GR-PaULI |b ΠΑΤΡΑ |b ΒΚΠ |b ΓΚ1 |k ΓΚ1 |p 025000117636 |t 136 |3 ΙΒ4 | ||
| 852 | |a GR-PaULI |b ΠΑΤΡΑ |b ΒΚΠ |b ΓΚ1 |k ΓΚ1 |p 025000161526 |t 148 |3 ΙΓ4 | ||
| 852 | |a GR-PaULI |b ΠΑΤΡΑ |b ΒΚΠ |b ΓΚ1 |k ΓΚ1 |p 025000161538 |t 160 |3 ΙΔ4 | ||
| 852 | |a GR-PaULI |b ΠΑΤΡΑ |b ΒΚΠ |b ΓΚ1 |k ΓΚ1 |p 025000161550 |t 172 |3 ΙΕ4 | ||
| 852 | |a GR-PaULI |b ΠΑΤΡΑ |b ΒΚΠ |b ΓΚ1 |k ΓΚ1 |p 025000161558 |t 180 |3 ΙΣΤ4 | ||
| 852 | |a GR-PaULI |b ΠΑΤΡΑ |b ΒΚΠ |b ΓΚ1 |k ΓΚ1 |p 025000161570 |t 192 |3 ΙΖ4 | ||
| 852 | |a GR-PaULI |b ΠΑΤΡΑ |b ΒΚΠ |b ΓΚ1 |k ΓΚ1 |p 025000117505 |t 5 |3 Α5 | ||
| 852 | |a GR-PaULI |b ΠΑΤΡΑ |b ΒΚΠ |b ΓΚ1 |k ΓΚ1 |p 025000117517 |t 17 |3 Β5 | ||
| 852 | |a GR-PaULI |b ΠΑΤΡΑ |b ΒΚΠ |b ΓΚ1 |k ΓΚ1 |p 025000117529 |t 29 |3 Γ5 | ||
| 852 | |a GR-PaULI |b ΠΑΤΡΑ |b ΒΚΠ |b ΓΚ1 |k ΓΚ1 |p 025000117541 |t 41 |3 Δ5 | ||
| 852 | |a GR-PaULI |b ΠΑΤΡΑ |b ΒΚΠ |b ΓΚ1 |k ΓΚ1 |p 025000117553 |t 53 |3 Ε5 | ||
| 852 | |a GR-PaULI |b ΠΑΤΡΑ |b ΒΚΠ |b ΓΚ1 |k ΓΚ1 |p 025000117565 |t 65 |3 ΣΤ5 | ||
| 852 | |a GR-PaULI |b ΠΑΤΡΑ |b ΒΚΠ |b ΓΚ1 |k ΓΚ1 |p 025000117577 |t 77 |3 Ζ5 | ||
| 852 | |a GR-PaULI |b ΠΑΤΡΑ |b ΒΚΠ |b ΓΚ1 |k ΓΚ1 |p 025000117589 |t 89 |3 Η5 | ||
| 852 | |a GR-PaULI |b ΠΑΤΡΑ |b ΒΚΠ |b ΓΚ1 |k ΓΚ1 |p 025000117613 |t 113 |3 Ι5 | ||
| 852 | |a GR-PaULI |b ΠΑΤΡΑ |b ΒΚΠ |b ΓΚ1 |k ΓΚ1 |p 025000117625 |t 125 |3 ΙΑ5 | ||
| 852 | |a GR-PaULI |b ΠΑΤΡΑ |b ΒΚΠ |b ΓΚ1 |k ΓΚ1 |p 025000161527 |t 149 |3 ΙΓ5 | ||
| 852 | |a GR-PaULI |b ΠΑΤΡΑ |b ΒΚΠ |b ΓΚ1 |k ΓΚ1 |p 025000161539 |t 161 |3 ΙΔ5 | ||
| 852 | |a GR-PaULI |b ΠΑΤΡΑ |b ΒΚΠ |b ΓΚ1 |k ΓΚ1 |p 025000161551 |t 173 |3 ΙΕ5 | ||
| 852 | |a GR-PaULI |b ΠΑΤΡΑ |b ΒΚΠ |b ΓΚ1 |k ΓΚ1 |p 025000161559 |t 181 |3 ΙΣΤ5 | ||
| 852 | |a GR-PaULI |b ΠΑΤΡΑ |b ΒΚΠ |b ΓΚ1 |k ΓΚ1 |p 025000161571 |t 193 |3 ΙΖ5 | ||
| 852 | |a GR-PaULI |b ΠΑΤΡΑ |b ΒΚΠ |b ΓΚ1 |k ΓΚ1 |p 025000117506 |t 6 |3 Α6 | ||
| 852 | |a GR-PaULI |b ΠΑΤΡΑ |b ΒΚΠ |b ΓΚ1 |k ΓΚ1 |p 025000117518 |t 18 |3 Β6 | ||
| 852 | |a GR-PaULI |b ΠΑΤΡΑ |b ΒΚΠ |b ΓΚ1 |k ΓΚ1 |p 025000117530 |t 30 |3 Γ6 | ||
| 852 | |a GR-PaULI |b ΠΑΤΡΑ |b ΒΚΠ |b ΓΚ1 |k ΓΚ1 |p 025000117542 |t 42 |3 Δ6 | ||
| 852 | |a GR-PaULI |b ΠΑΤΡΑ |b ΒΚΠ |b ΓΚ1 |k ΓΚ1 |p 025000117554 |t 54 |3 Ε6 | ||
| 852 | |a GR-PaULI |b ΠΑΤΡΑ |b ΒΚΠ |b ΓΚ1 |k ΓΚ1 |p 025000117566 |t 66 |3 ΣΤ6 | ||
| 852 | |a GR-PaULI |b ΠΑΤΡΑ |b ΒΚΠ |b ΓΚ1 |k ΓΚ1 |p 025000117578 |t 78 |3 Ζ6 | ||
| 852 | |a GR-PaULI |b ΠΑΤΡΑ |b ΒΚΠ |b ΓΚ1 |k ΓΚ1 |p 025000117590 |t 90 |3 Η6 | ||
| 852 | |a GR-PaULI |b ΠΑΤΡΑ |b ΒΚΠ |b ΓΚ1 |k ΓΚ1 |p 025000117602 |t 102 |3 Θ6 | ||
| 852 | |a GR-PaULI |b ΠΑΤΡΑ |b ΒΚΠ |b ΓΚ1 |k ΓΚ1 |p 025000117614 |t 114 |3 Ι6 | ||
| 852 | |a GR-PaULI |b ΠΑΤΡΑ |b ΒΚΠ |b ΓΚ1 |k ΓΚ1 |p 025000117626 |t 126 |3 ΙΑ6 | ||
| 852 | |a GR-PaULI |b ΠΑΤΡΑ |b ΒΚΠ |b ΓΚ1 |k ΓΚ1 |p 025000117638 |t 138 |3 ΙΒ6 | ||
| 852 | |a GR-PaULI |b ΠΑΤΡΑ |b ΒΚΠ |b ΓΚ1 |k ΓΚ1 |p 025000161528 |t 150 |3 ΙΓ6 | ||
| 852 | |a GR-PaULI |b ΠΑΤΡΑ |b ΒΚΠ |b ΓΚ1 |k ΓΚ1 |p 025000161540 |t 162 |3 ΙΔ6 | ||
| 852 | |a GR-PaULI |b ΠΑΤΡΑ |b ΒΚΠ |b ΓΚ1 |k ΓΚ1 |p 025000161552 |t 174 |3 ΙΕ6 | ||
| 852 | |a GR-PaULI |b ΠΑΤΡΑ |b ΒΚΠ |b ΓΚ1 |k ΓΚ1 |p 025000161560 |t 182 |3 ΙΣΤ6 | ||
| 852 | |a GR-PaULI |b ΠΑΤΡΑ |b ΒΚΠ |b ΓΚ1 |k ΓΚ1 |p 025000117507 |t 7 |3 Α7 | ||
| 852 | |a GR-PaULI |b ΠΑΤΡΑ |b ΒΚΠ |b ΓΚ1 |k ΓΚ1 |p 025000117519 |t 19 |3 Β7 | ||
| 852 | |a GR-PaULI |b ΠΑΤΡΑ |b ΒΚΠ |b ΓΚ1 |k ΓΚ1 |p 025000117531 |t 31 |3 Γ7 | ||
| 852 | |a GR-PaULI |b ΠΑΤΡΑ |b ΒΚΠ |b ΓΚ1 |k ΓΚ1 |p 025000117543 |t 43 |3 Δ7 | ||
| 852 | |a GR-PaULI |b ΠΑΤΡΑ |b ΒΚΠ |b ΓΚ1 |k ΓΚ1 |p 025000117555 |t 55 |3 Ε7 | ||
| 852 | |a GR-PaULI |b ΠΑΤΡΑ |b ΒΚΠ |b ΓΚ1 |k ΓΚ1 |p 025000117567 |t 67 |3 ΣΤ7 | ||
| 852 | |a GR-PaULI |b ΠΑΤΡΑ |b ΒΚΠ |b ΓΚ1 |k ΓΚ1 |p 025000117591 |t 91 |3 Η7 | ||
| 852 | |a GR-PaULI |b ΠΑΤΡΑ |b ΒΚΠ |b ΓΚ1 |k ΓΚ1 |p 025000117603 |t 103 |3 Θ7 | ||
| 852 | |a GR-PaULI |b ΠΑΤΡΑ |b ΒΚΠ |b ΓΚ1 |k ΓΚ1 |p 025000117615 |t 115 |3 Ι7 | ||
| 852 | |a GR-PaULI |b ΠΑΤΡΑ |b ΒΚΠ |b ΓΚ1 |k ΓΚ1 |p 025000117627 |t 127 |3 ΙΑ7 | ||
| 852 | |a GR-PaULI |b ΠΑΤΡΑ |b ΒΚΠ |b ΓΚ1 |k ΓΚ1 |p 025000117639 |t 139 |3 ΙΒ7 | ||
| 852 | |a GR-PaULI |b ΠΑΤΡΑ |b ΒΚΠ |b ΓΚ1 |k ΓΚ1 |p 025000161529 |t 151 |3 ΙΓ7 | ||
| 852 | |a GR-PaULI |b ΠΑΤΡΑ |b ΒΚΠ |b ΓΚ1 |k ΓΚ1 |p 025000161541 |t 163 |3 ΙΔ7 | ||
| 852 | |a GR-PaULI |b ΠΑΤΡΑ |b ΒΚΠ |b ΓΚ1 |k ΓΚ1 |p 025000161553 |t 175 |3 ΙΕ7 | ||
| 852 | |a GR-PaULI |b ΠΑΤΡΑ |b ΒΚΠ |b ΓΚ1 |k ΓΚ1 |p 025000161561 |t 183 |3 ΙΣΤ7 | ||
| 852 | |a GR-PaULI |b ΠΑΤΡΑ |b ΒΚΠ |b ΓΚ1 |k ΓΚ1 |p 025000117508 |t 8 |3 Α8 | ||
| 852 | |a GR-PaULI |b ΠΑΤΡΑ |b ΒΚΠ |b ΓΚ1 |k ΓΚ1 |p 025000117520 |t 20 |3 Β8 | ||
| 852 | |a GR-PaULI |b ΠΑΤΡΑ |b ΒΚΠ |b ΓΚ1 |k ΓΚ1 |p 025000117544 |t 44 |3 Δ8 | ||
| 852 | |a GR-PaULI |b ΠΑΤΡΑ |b ΒΚΠ |b ΓΚ1 |k ΓΚ1 |p 025000117556 |t 56 |3 Ε8 | ||
| 852 | |a GR-PaULI |b ΠΑΤΡΑ |b ΒΚΠ |b ΓΚ1 |k ΓΚ1 |p 025000117568 |t 68 |3 ΣΤ8 | ||
| 852 | |a GR-PaULI |b ΠΑΤΡΑ |b ΒΚΠ |b ΓΚ1 |k ΓΚ1 |p 025000117580 |t 80 |3 Ζ8 | ||
| 852 | |a GR-PaULI |b ΠΑΤΡΑ |b ΒΚΠ |b ΓΚ1 |k ΓΚ1 |p 025000117616 |t 116 |3 Ι8 | ||
| 852 | |a GR-PaULI |b ΠΑΤΡΑ |b ΒΚΠ |b ΓΚ1 |k ΓΚ1 |p 025000117628 |t 128 |3 ΙΑ8 | ||
| 852 | |a GR-PaULI |b ΠΑΤΡΑ |b ΒΚΠ |b ΓΚ1 |k ΓΚ1 |p 025000117640 |t 140 |3 ΙΒ8 | ||
| 852 | |a GR-PaULI |b ΠΑΤΡΑ |b ΒΚΠ |b ΓΚ1 |k ΓΚ1 |p 025000161530 |t 152 |3 ΙΓ8 | ||
| 852 | |a GR-PaULI |b ΠΑΤΡΑ |b ΒΚΠ |b ΓΚ1 |k ΓΚ1 |p 025000161542 |t 164 |3 ΙΔ8 | ||
| 852 | |a GR-PaULI |b ΠΑΤΡΑ |b ΒΚΠ |b ΓΚ1 |k ΓΚ1 |p 025000161554 |t 176 |3 ΙΕ8 | ||
| 852 | |a GR-PaULI |b ΠΑΤΡΑ |b ΒΚΠ |b ΓΚ1 |k ΓΚ1 |p 025000161562 |t 184 |3 ΙΣΤ8 | ||
| 852 | |a GR-PaULI |b ΠΑΤΡΑ |b ΒΚΠ |b ΓΚ1 |k ΓΚ1 |p 025000161574 |t 196 |3 ΙΖ8 | ||
| 852 | |a GR-PaULI |b ΠΑΤΡΑ |b ΒΚΠ |b ΓΚ1 |k ΓΚ1 |p 025000117509 |t 9 |3 Α9 | ||
| 852 | |a GR-PaULI |b ΠΑΤΡΑ |b ΒΚΠ |b ΓΚ1 |k ΓΚ1 |p 025000117521 |t 21 |3 Β9 | ||
| 852 | |a GR-PaULI |b ΠΑΤΡΑ |b ΒΚΠ |b ΓΚ1 |k ΓΚ1 |p 025000117533 |t 33 |3 Γ9 | ||
| 852 | |a GR-PaULI |b ΠΑΤΡΑ |b ΒΚΠ |b ΓΚ1 |k ΓΚ1 |p 025000117545 |t 45 |3 Δ9 | ||
| 852 | |a GR-PaULI |b ΠΑΤΡΑ |b ΒΚΠ |b ΓΚ1 |k ΓΚ1 |p 025000117557 |t 57 |3 Ε9 | ||
| 852 | |a GR-PaULI |b ΠΑΤΡΑ |b ΒΚΠ |b ΓΚ1 |k ΓΚ1 |p 025000117569 |t 69 |3 ΣΤ9 | ||
| 852 | |a GR-PaULI |b ΠΑΤΡΑ |b ΒΚΠ |b ΓΚ1 |k ΓΚ1 |p 025000117581 |t 81 |3 Ζ9 | ||
| 852 | |a GR-PaULI |b ΠΑΤΡΑ |b ΒΚΠ |b ΓΚ1 |k ΓΚ1 |p 025000117593 |t 93 |3 Η9 | ||
| 852 | |a GR-PaULI |b ΠΑΤΡΑ |b ΒΚΠ |b ΓΚ1 |k ΓΚ1 |p 025000117617 |t 117 |3 Ι9 | ||
| 852 | |a GR-PaULI |b ΠΑΤΡΑ |b ΒΚΠ |b ΓΚ1 |k ΓΚ1 |p 025000117629 |t 129 |3 ΙΑ9 | ||
| 852 | |a GR-PaULI |b ΠΑΤΡΑ |b ΒΚΠ |b ΓΚ1 |k ΓΚ1 |p 025000117641 |t 141 |3 ΙΒ9 | ||
| 852 | |a GR-PaULI |b ΠΑΤΡΑ |b ΒΚΠ |b ΓΚ1 |k ΓΚ1 |p 025000161531 |t 153 |3 ΙΓ9 | ||
| 852 | |a GR-PaULI |b ΠΑΤΡΑ |b ΒΚΠ |b ΓΚ1 |k ΓΚ1 |p 025000161543 |t 165 |3 ΙΔ9 | ||
| 852 | |a GR-PaULI |b ΠΑΤΡΑ |b ΒΚΠ |b ΓΚ1 |k ΓΚ1 |p 025000161563 |t 185 |3 ΙΣΤ9 | ||
| 852 | |a GR-PaULI |b ΠΑΤΡΑ |b ΒΚΠ |b ΓΚ1 |k ΓΚ1 |p 025000161575 |t 197 |3 ΙΖ9 | ||
| 852 | |a GR-PaULI |b ΠΑΤΡΑ |b ΒΚΠ |b ΓΚ1 |k ΓΚ1 |p 025000117510 |t 10 |3 Α10 | ||
| 852 | |a GR-PaULI |b ΠΑΤΡΑ |b ΒΚΠ |b ΓΚ1 |k ΓΚ1 |p 025000117522 |t 22 |3 Β10 | ||
| 852 | |a GR-PaULI |b ΠΑΤΡΑ |b ΒΚΠ |b ΓΚ1 |k ΓΚ1 |p 025000117534 |t 34 |3 Γ10 | ||
| 852 | |a GR-PaULI |b ΠΑΤΡΑ |b ΒΚΠ |b ΓΚ1 |k ΓΚ1 |p 025000117546 |t 46 |3 Δ10 | ||
| 852 | |a GR-PaULI |b ΠΑΤΡΑ |b ΒΚΠ |b ΓΚ1 |k ΓΚ1 |p 025000117570 |t 70 |3 ΣΤ10 | ||
| 852 | |a GR-PaULI |b ΠΑΤΡΑ |b ΒΚΠ |b ΓΚ1 |k ΓΚ1 |p 025000117582 |t 82 |3 Ζ10 | ||
| 852 | |a GR-PaULI |b ΠΑΤΡΑ |b ΒΚΠ |b ΓΚ1 |k ΓΚ1 |p 025000117594 |t 94 |3 Η10 | ||
| 852 | |a GR-PaULI |b ΠΑΤΡΑ |b ΒΚΠ |b ΓΚ1 |k ΓΚ1 |p 025000117606 |t 106 |3 Θ10 | ||
| 852 | |a GR-PaULI |b ΠΑΤΡΑ |b ΒΚΠ |b ΓΚ1 |k ΓΚ1 |p 025000117618 |t 118 |3 Ι10 | ||
| 852 | |a GR-PaULI |b ΠΑΤΡΑ |b ΒΚΠ |b ΓΚ1 |k ΓΚ1 |p 025000117630 |t 130 |3 ΙΑ10 | ||
| 852 | |a GR-PaULI |b ΠΑΤΡΑ |b ΒΚΠ |b ΓΚ1 |k ΓΚ1 |p 025000117642 |t 142 |3 ΙΒ10 | ||
| 852 | |a GR-PaULI |b ΠΑΤΡΑ |b ΒΚΠ |b ΓΚ1 |k ΓΚ1 |p 025000161532 |t 154 |3 ΙΓ10 | ||
| 852 | |a GR-PaULI |b ΠΑΤΡΑ |b ΒΚΠ |b ΓΚ1 |k ΓΚ1 |p 025000161544 |t 166 |3 ΙΔ10 | ||
| 852 | |a GR-PaULI |b ΠΑΤΡΑ |b ΒΚΠ |b ΓΚ1 |k ΓΚ1 |p 025000161564 |t 186 |3 ΙΣΤ10 | ||
| 852 | |a GR-PaULI |b ΠΑΤΡΑ |b ΒΚΠ |b ΓΚ1 |k ΓΚ1 |p 025000161576 |t 198 |3 ΙΖ10 | ||
| 852 | |a GR-PaULI |b ΠΑΤΡΑ |b ΒΚΠ |b ΓΚ1 |k ΓΚ1 |p 025000117511 |t 11 |3 Α11 | ||
| 852 | |a GR-PaULI |b ΠΑΤΡΑ |b ΒΚΠ |b ΓΚ1 |k ΓΚ1 |p 025000117523 |t 23 |3 Β11 | ||
| 852 | |a GR-PaULI |b ΠΑΤΡΑ |b ΒΚΠ |b ΓΚ1 |k ΓΚ1 |p 025000117535 |t 35 |3 Γ11 | ||
| 852 | |a GR-PaULI |b ΠΑΤΡΑ |b ΒΚΠ |b ΓΚ1 |k ΓΚ1 |p 025000117547 |t 47 |3 Δ11 | ||
| 852 | |a GR-PaULI |b ΠΑΤΡΑ |b ΒΚΠ |b ΓΚ1 |k ΓΚ1 |p 025000117559 |t 59 |3 Ε11 | ||
| 852 | |a GR-PaULI |b ΠΑΤΡΑ |b ΒΚΠ |b ΓΚ1 |k ΓΚ1 |p 025000117571 |t 71 |3 ΣΤ11 | ||
| 852 | |a GR-PaULI |b ΠΑΤΡΑ |b ΒΚΠ |b ΓΚ1 |k ΓΚ1 |p 025000117583 |t 83 |3 Ζ11 | ||
| 852 | |a GR-PaULI |b ΠΑΤΡΑ |b ΒΚΠ |b ΓΚ1 |k ΓΚ1 |p 025000117595 |t 95 |3 Η11 | ||
| 852 | |a GR-PaULI |b ΠΑΤΡΑ |b ΒΚΠ |b ΓΚ1 |k ΓΚ1 |p 025000117607 |t 107 |3 Θ11 | ||
| 852 | |a GR-PaULI |b ΠΑΤΡΑ |b ΒΚΠ |b ΓΚ1 |k ΓΚ1 |p 025000117619 |t 119 |3 Ι11 | ||
| 852 | |a GR-PaULI |b ΠΑΤΡΑ |b ΒΚΠ |b ΓΚ1 |k ΓΚ1 |p 025000117631 |t 131 |3 ΙΑ11 | ||
| 852 | |a GR-PaULI |b ΠΑΤΡΑ |b ΒΚΠ |b ΓΚ1 |k ΓΚ1 |p 025000117643 |t 143 |3 ΙΒ11 | ||
| 852 | |a GR-PaULI |b ΠΑΤΡΑ |b ΒΚΠ |b ΓΚ1 |k ΓΚ1 |p 025000161533 |t 155 |3 ΙΓ11 | ||
| 852 | |a GR-PaULI |b ΠΑΤΡΑ |b ΒΚΠ |b ΓΚ1 |k ΓΚ1 |p 025000161545 |t 167 |3 ΙΔ11 | ||
| 852 | |a GR-PaULI |b ΠΑΤΡΑ |b ΒΚΠ |b ΓΚ1 |k ΓΚ1 |p 025000161565 |t 187 |3 ΙΣΤ11 | ||
| 852 | |a GR-PaULI |b ΠΑΤΡΑ |b ΒΚΠ |b ΓΚ1 |k ΓΚ1 |p 025000161577 |t 199 |3 ΙΖ11 | ||
| 852 | |a GR-PaULI |b ΠΑΤΡΑ |b ΒΚΠ |b ΓΚ1 |k ΓΚ1 |p 025000117512 |t 12 |3 Α12 | ||
| 852 | |a GR-PaULI |b ΠΑΤΡΑ |b ΒΚΠ |b ΓΚ1 |k ΓΚ1 |p 025000117524 |t 24 |3 Β12 | ||
| 852 | |a GR-PaULI |b ΠΑΤΡΑ |b ΒΚΠ |b ΓΚ1 |k ΓΚ1 |p 025000117536 |t 36 |3 Γ12 | ||
| 852 | |a GR-PaULI |b ΠΑΤΡΑ |b ΒΚΠ |b ΓΚ1 |k ΓΚ1 |p 025000117548 |t 48 |3 Δ12 | ||
| 852 | |a GR-PaULI |b ΠΑΤΡΑ |b ΒΚΠ |b ΓΚ1 |k ΓΚ1 |p 025000117560 |t 60 |3 Ε12 | ||
| 852 | |a GR-PaULI |b ΠΑΤΡΑ |b ΒΚΠ |b ΓΚ1 |k ΓΚ1 |p 025000117572 |t 72 |3 ΣΤ12 | ||
| 852 | |a GR-PaULI |b ΠΑΤΡΑ |b ΒΚΠ |b ΓΚ1 |k ΓΚ1 |p 025000117584 |t 84 |3 Ζ12 | ||
| 852 | |a GR-PaULI |b ΠΑΤΡΑ |b ΒΚΠ |b ΓΚ1 |k ΓΚ1 |p 025000117596 |t 96 |3 Η12 | ||
| 852 | |a GR-PaULI |b ΠΑΤΡΑ |b ΒΚΠ |b ΓΚ1 |k ΓΚ1 |p 025000117620 |t 120 |3 Ι12 | ||
| 852 | |a GR-PaULI |b ΠΑΤΡΑ |b ΒΚΠ |b ΓΚ1 |k ΓΚ1 |p 025000117632 |t 132 |3 ΙΑ12 | ||
| 852 | |a GR-PaULI |b ΠΑΤΡΑ |b ΒΚΠ |b ΓΚ1 |k ΓΚ1 |p 025000117644 |t 144 |3 ΙΒ12 | ||
| 852 | |a GR-PaULI |b ΠΑΤΡΑ |b ΒΚΠ |b ΓΚ1 |k ΓΚ1 |p 025000161534 |t 156 |3 ΙΓ12 | ||
| 852 | |a GR-PaULI |b ΠΑΤΡΑ |b ΒΚΠ |b ΓΚ1 |k ΓΚ1 |p 025000161546 |t 168 |3 ΙΔ12 | ||
| 852 | |a GR-PaULI |b ΠΑΤΡΑ |b ΒΚΠ |b ΓΚ1 |k ΓΚ1 |p 025000161566 |t 188 |3 ΙΣΤ12 | ||
| 852 | |a GR-PaULI |b ΠΑΤΡΑ |b ΒΚΠ |b ΓΚ1 |k ΓΚ1 |p 025000161578 |t 200 |3 ΙΖ12 | ||
| 942 | |2 ddc |c KY | ||
| 952 | |0 0 |1 0 |2 ddc |3 Α1 |4 0 |7 0 |9 41093 |a LISP |b LISP |d 2016-04-24 |l 654 |m 1 |p 025000297706 |r 2025-04-01 16:47:40 |s 2025-04-01 |t 1 |w 2016-04-24 |y KY | ||
| 952 | |0 0 |1 0 |2 ddc |3 Β1 |4 0 |7 0 |9 41094 |a LISP |b LISP |d 2016-04-24 |l 614 |p 025000297845 |r 2025-04-03 18:56:23 |s 2025-04-03 |t 13 |w 2016-04-24 |y KY | ||
| 952 | |0 0 |1 0 |2 ddc |3 Γ1 |4 0 |7 0 |9 41095 |a LISP |b LISP |d 2016-04-24 |l 305 |m 1 |p 025000297739 |r 2025-04-03 17:52:10 |s 2025-04-03 |t 25 |w 2016-04-24 |y KY | ||
| 952 | |0 0 |1 0 |2 ddc |3 Δ1 |4 0 |7 0 |9 41096 |a LISP |b LISP |d 2016-04-24 |l 326 |p 025000297720 |r 2025-03-19 18:22:03 |s 2025-03-19 |t 37 |w 2016-04-24 |y KY | ||
| 952 | |0 0 |1 0 |2 ddc |3 Ε1 |4 0 |7 0 |9 41097 |a LISP |b LISP |d 2016-04-24 |l 749 |p 025000297742 |r 2025-03-19 18:23:28 |s 2025-03-18 |t 49 |w 2016-04-24 |y KY | ||
| 952 | |0 0 |1 0 |2 ddc |3 ΣΤ1 |4 0 |7 0 |9 41098 |a LISP |b LISP |d 2016-04-24 |l 269 |p 025000297832 |r 2025-04-03 17:51:49 |s 2025-04-03 |t 61 |w 2016-04-24 |y KY | ||
| 952 | |0 0 |1 0 |2 ddc |3 Ζ1 |4 0 |7 0 |9 41099 |a LISP |b LISP |d 2016-04-24 |l 392 |p 025000315814 |r 2025-04-03 17:51:52 |s 2025-04-03 |t 73 |w 2016-04-24 |y KY | ||
| 952 | |0 0 |1 0 |2 ddc |3 Η1 |4 0 |7 0 |9 41100 |a LISP |b LISP |d 2016-04-24 |l 383 |p 025000297728 |r 2025-04-02 15:51:52 |s 2025-04-02 |t 85 |w 2016-04-24 |y KY | ||
| 952 | |0 0 |1 0 |2 ddc |3 Θ1 |4 0 |7 0 |9 41101 |a LISP |b LISP |d 2016-04-24 |l 1197 |p 025000297733 |r 2025-04-03 18:04:17 |s 2025-04-03 |t 97 |w 2016-04-24 |y KY | ||
| 952 | |0 0 |1 0 |2 ddc |3 Ι1 |4 0 |7 0 |9 41102 |a LISP |b LISP |d 2016-04-24 |l 496 |p 025000297744 |r 2025-04-01 16:54:39 |s 2025-04-01 |t 109 |w 2016-04-24 |y KY | ||
| 952 | |0 0 |1 0 |2 ddc |3 ΙΑ1 |4 0 |7 0 |9 41103 |a LISP |b LISP |d 2016-04-24 |l 108 |p 025000297732 |r 2025-03-19 18:21:58 |s 2025-03-19 |t 121 |w 2016-04-24 |y KY | ||
| 952 | |0 0 |1 0 |2 ddc |3 ΙΒ1 |4 0 |7 0 |9 41104 |a LISP |b LISP |d 2016-04-24 |l 308 |p 025000297718 |r 2025-04-03 16:30:50 |s 2025-04-02 |t 133 |w 2016-04-24 |y KY | ||
| 952 | |0 0 |1 0 |2 ddc |3 ΙΓ1 |4 0 |7 0 |9 41105 |a LISP |b LISP |d 2016-04-24 |l 1140 |p 025000297672 |r 2025-04-02 18:01:04 |s 2025-04-02 |t 145 |w 2016-04-24 |y KY | ||
| 952 | |0 0 |1 0 |2 ddc |3 ΙΔ1 |4 0 |7 0 |9 41106 |a LISP |b LISP |d 2016-04-24 |l 261 |p 025000297837 |r 2025-03-19 18:28:56 |s 2025-02-05 |t 157 |w 2016-04-24 |y KY | ||
| 952 | |0 0 |1 0 |2 ddc |3 ΙΕ1 |4 0 |7 0 |9 41107 |a LISP |b LISP |d 2016-04-24 |l 274 |m 1 |p 025000297678 |r 2025-03-19 18:20:45 |s 2025-03-19 |t 169 |w 2016-04-24 |y KY | ||
| 952 | |0 0 |1 0 |2 ddc |3 ΙΣΤ1 |4 0 |7 0 |9 41108 |a LISP |b LISP |d 2016-04-24 |l 270 |p 025000297651 |r 2025-04-03 17:05:06 |s 2025-04-03 |t 177 |w 2016-04-24 |y KY | ||
| 952 | |0 0 |1 0 |2 ddc |3 ΙΖ1 |4 0 |7 0 |9 41109 |a LISP |b LISP |d 2016-04-24 |l 256 |p 025000297830 |r 2025-04-01 18:16:20 |s 2025-04-01 |t 189 |w 2016-04-24 |y KY | ||
| 952 | |0 0 |1 0 |2 ddc |3 Α2 |4 0 |7 0 |9 41110 |a LISP |b LISP |d 2016-04-24 |l 414 |p 025000297698 |r 2025-04-03 18:57:22 |s 2025-04-03 |t 2 |w 2016-04-24 |y KY | ||
| 952 | |0 0 |1 0 |2 ddc |3 Β2 |4 0 |7 0 |9 41111 |a LISP |b LISP |d 2016-04-24 |l 545 |p 025000297697 |r 2025-04-03 18:20:48 |s 2025-04-03 |t 14 |w 2016-04-24 |y KY | ||
| 952 | |0 0 |1 0 |2 ddc |3 Γ2 |4 0 |7 0 |9 41112 |a LISP |b LISP |d 2016-04-24 |l 651 |p 025000297665 |r 2025-03-20 18:07:59 |s 2025-03-20 |t 26 |w 2016-04-24 |y KY | ||
| 952 | |0 0 |1 0 |2 ddc |3 Δ2 |4 0 |7 0 |9 41113 |a LISP |b LISP |d 2016-04-24 |l 976 |m 1 |p 025000297827 |r 2025-04-01 18:03:01 |s 2025-04-01 |t 38 |w 2016-04-24 |y KY | ||
| 952 | |0 0 |1 0 |2 ddc |3 Ε2 |4 0 |7 0 |9 41114 |a LISP |b LISP |d 2016-04-24 |l 374 |p 025000297811 |r 2025-04-03 11:48:11 |s 2025-04-03 |t 50 |w 2016-04-24 |y KY | ||
| 952 | |0 0 |1 0 |2 ddc |3 ΙΣΤ2 |4 0 |7 0 |9 41115 |a LISP |b LISP |d 2016-04-24 |l 1163 |m 1 |p 025000315803 |r 2025-04-03 18:25:51 |s 2025-04-03 |t 62 |w 2016-04-24 |y KY | ||
| 952 | |0 0 |1 0 |2 ddc |3 Ζ2 |4 0 |7 0 |9 41116 |a LISP |b LISP |d 2016-04-24 |l 371 |p 025000297754 |r 2025-04-03 18:06:41 |s 2025-04-03 |t 74 |w 2016-04-24 |y KY | ||
| 952 | |0 0 |1 0 |2 ddc |3 Η2 |4 0 |7 0 |9 41117 |a LISP |b LISP |d 2016-04-24 |l 316 |p 025000297648 |r 2025-04-03 14:42:09 |s 2025-04-03 |t 86 |w 2016-04-24 |y KY | ||
| 952 | |0 0 |1 0 |2 ddc |3 Θ2 |4 0 |7 0 |9 41118 |a LISP |b LISP |d 2016-04-24 |l 858 |p 025000297723 |r 2025-04-02 13:35:17 |s 2025-04-02 |t 98 |w 2016-04-24 |y KY | ||
| 952 | |0 0 |1 0 |2 ddc |3 Ι2 |4 0 |7 0 |9 41119 |a LISP |b LISP |d 2016-04-24 |l 1260 |p 025000297726 |r 2025-04-01 18:55:02 |s 2025-04-01 |t 110 |w 2016-04-24 |y KY | ||
| 952 | |0 0 |1 0 |2 ddc |3 ΙΑ2 |4 0 |7 0 |9 41120 |a LISP |b LISP |d 2016-04-24 |l 1102 |p 025000297841 |r 2025-03-19 18:26:27 |s 2025-03-18 |t 122 |w 2016-04-24 |y KY | ||
| 952 | |0 0 |1 0 |2 ddc |3 ΙΒ2 |4 0 |7 0 |9 41121 |a LISP |b LISP |d 2016-04-24 |l 496 |p 025000297829 |r 2025-04-03 17:05:11 |s 2025-04-03 |t 134 |w 2016-04-24 |y KY | ||
| 952 | |0 0 |1 0 |2 ddc |3 ΙΓ2 |4 0 |7 0 |9 41122 |a LISP |b LISP |d 2016-04-24 |l 256 |p 025000297668 |r 2025-04-03 16:50:28 |s 2025-04-03 |t 146 |w 2016-04-24 |y KY | ||
| 952 | |0 0 |1 0 |2 ddc |3 ΙΔ2 |4 0 |7 0 |9 41123 |a LISP |b LISP |d 2016-04-24 |l 1173 |m 1 |p 025000297826 |r 2025-03-20 17:32:23 |s 2025-03-20 |t 158 |w 2016-04-24 |y KY | ||
| 952 | |0 0 |1 0 |2 ddc |3 ΙΕ2 |4 0 |7 0 |9 41124 |a LISP |b LISP |d 2016-04-24 |l 166 |p 025000297660 |r 2025-04-01 18:54:55 |s 2025-03-11 |t 170 |w 2016-04-24 |y KY | ||
| 952 | |0 0 |1 0 |2 ddc |3 ΣΤ2 |4 0 |7 0 |9 41125 |a LISP |b LISP |d 2016-04-24 |l 25 |p 025000297679 |r 2025-03-21 16:47:23 |s 2025-03-21 |t 178 |w 2016-04-24 |y KY | ||
| 952 | |0 0 |1 0 |2 ddc |3 ΙΖ2 |4 0 |7 0 |9 41126 |a LISP |b LISP |d 2016-04-24 |l 1212 |m 3 |p 025000297680 |r 2025-04-01 16:44:59 |s 2025-02-03 |t 190 |w 2016-04-24 |y KY | ||
| 952 | |0 0 |1 0 |2 ddc |3 Α3 |4 0 |7 0 |9 41127 |a LISP |b LISP |d 2016-04-24 |l 1370 |m 2 |p 025000297769 |r 2025-03-19 18:28:27 |s 2025-02-07 |t 3 |w 2016-04-24 |y KY | ||
| 952 | |0 0 |1 0 |2 ddc |3 Β3 |4 0 |7 0 |9 41128 |a LISP |b LISP |d 2016-04-24 |l 988 |m 2 |p 025000297704 |r 2025-04-03 13:34:31 |s 2025-04-03 |t 15 |w 2016-04-24 |y KY | ||
| 952 | |0 0 |1 0 |2 ddc |3 Γ3 |4 0 |7 0 |9 41129 |a LISP |b LISP |d 2016-04-24 |l 1350 |p 025000297800 |r 2025-04-03 18:53:13 |s 2025-04-03 |t 27 |w 2016-04-24 |y KY | ||
| 952 | |0 0 |1 0 |2 ddc |3 Δ3 |4 0 |7 0 |9 41130 |a LISP |b LISP |d 2016-04-24 |l 796 |p 025000297659 |r 2025-04-03 18:24:13 |s 2025-04-03 |t 39 |w 2016-04-24 |y KY | ||
| 952 | |0 0 |1 0 |2 ddc |3 Ε3 |4 0 |7 0 |9 41131 |a LISP |b LISP |d 2016-04-24 |l 727 |p 025000297663 |r 2025-04-03 18:38:20 |s 2025-04-03 |t 51 |w 2016-04-24 |y KY | ||
| 952 | |0 0 |1 0 |2 ddc |3 ΣΤ3 |4 0 |7 0 |9 41132 |a LISP |b LISP |d 2016-04-24 |l 279 |p 025000297774 |r 2025-04-02 15:55:05 |s 2025-04-02 |t 63 |w 2016-04-24 |y KY | ||
| 952 | |0 0 |1 0 |2 ddc |3 Ζ3 |4 0 |7 0 |9 41133 |a LISP |b LISP |d 2016-04-24 |l 1178 |m 1 |p 025000297758 |q 2025-04-03 |r 2025-04-02 14:58:07 |s 2025-04-02 |t 75 |w 2016-04-24 |y KY | ||
| 952 | |0 0 |1 0 |2 ddc |3 Η3 |4 0 |7 0 |9 41134 |a LISP |b LISP |d 2016-04-24 |l 1485 |p 025000297791 |r 2025-04-03 18:46:43 |s 2025-04-03 |t 87 |w 2016-04-24 |y KY | ||
| 952 | |0 0 |1 0 |2 ddc |3 Θ3 |4 0 |7 0 |9 41135 |a LISP |b LISP |d 2016-04-24 |l 1221 |p 025000297778 |r 2025-04-03 18:19:56 |s 2025-04-03 |t 99 |w 2016-04-24 |y KY | ||
| 952 | |0 0 |1 0 |2 ddc |3 Ι3 |4 0 |7 0 |9 41136 |a LISP |b LISP |d 2016-04-24 |l 378 |m 1 |p 025000297692 |q 2025-04-02 |r 2025-04-01 17:09:54 |s 2025-04-01 |t 111 |w 2016-04-24 |y KY | ||
| 952 | |0 0 |1 0 |2 ddc |3 ΙΑ3 |4 0 |7 0 |9 41137 |a LISP |b LISP |d 2016-04-24 |l 722 |p 025000297777 |r 2025-04-03 17:47:13 |s 2025-04-03 |t 123 |w 2016-04-24 |y KY | ||
| 952 | |0 0 |1 0 |2 ddc |3 ΙΒ3 |4 0 |7 0 |9 41138 |a LISP |b LISP |d 2016-04-24 |l 313 |m 2 |p 025000297689 |r 2025-04-03 14:57:01 |s 2025-04-03 |t 135 |w 2016-04-24 |y KY | ||
| 952 | |0 0 |1 0 |2 ddc |3 ΙΓ3 |4 0 |7 0 |9 41139 |a LISP |b LISP |d 2016-04-24 |l 272 |p 025000297817 |r 2025-04-03 16:45:47 |s 2025-04-03 |t 147 |w 2016-04-24 |y KY | ||
| 952 | |0 0 |1 0 |2 ddc |3 ΙΔ3 |4 0 |7 0 |9 41140 |a LISP |b LISP |d 2016-04-24 |l 77 |p 025000315800 |r 2025-04-03 18:42:35 |s 2025-04-03 |t 159 |w 2016-04-24 |y KY | ||
| 952 | |0 0 |1 0 |2 ddc |3 ΙΕ3 |4 0 |7 0 |9 41141 |a LISP |b LISP |d 2016-04-24 |l 582 |p 025000297719 |r 2025-04-03 14:55:46 |s 2025-04-03 |t 171 |w 2016-04-24 |y KY | ||
| 952 | |0 0 |1 0 |2 ddc |3 ΙΣΤ3 |4 0 |7 0 |9 41142 |a LISP |b LISP |d 2016-04-24 |l 1299 |p 025000297844 |r 2025-03-19 18:21:20 |s 2025-03-11 |t 179 |w 2016-04-24 |y KY | ||
| 952 | |0 0 |1 0 |2 ddc |3 ΙΖ3 |4 0 |7 0 |9 41143 |a LISP |b LISP |d 2016-04-24 |l 244 |p 025000297771 |r 2025-04-03 18:54:59 |s 2025-04-03 |t 191 |w 2016-04-24 |y KY | ||
| 952 | |0 0 |1 0 |2 ddc |3 Α4 |4 0 |7 0 |9 41144 |a LISP |b LISP |d 2016-04-24 |l 844 |p 025000297773 |r 2025-04-03 18:52:57 |s 2025-04-03 |t 4 |w 2016-04-24 |y KY | ||
| 952 | |0 0 |1 0 |2 ddc |3 Β4 |4 0 |7 0 |9 41145 |a LISP |b LISP |d 2016-04-24 |l 1445 |m 1 |p 025000315804 |r 2025-04-03 11:45:48 |s 2025-04-03 |t 16 |w 2016-04-24 |y KY | ||
| 952 | |0 0 |1 0 |2 ddc |3 Γ4 |4 0 |7 0 |9 41146 |a LISP |b LISP |d 2016-04-24 |l 384 |m 1 |p 025000297822 |r 2025-04-03 14:39:05 |s 2025-04-03 |t 28 |w 2016-04-24 |y KY | ||
| 952 | |0 0 |1 0 |2 ddc |3 Δ4 |4 0 |7 0 |9 41147 |a LISP |b LISP |d 2016-04-24 |l 614 |m 1 |p 025000297810 |r 2025-03-19 18:25:55 |s 2025-03-19 |t 40 |w 2016-04-24 |y KY | ||
| 952 | |0 0 |1 0 |2 ddc |3 Ε4 |4 0 |7 0 |9 41148 |a LISP |b LISP |d 2016-04-24 |l 1123 |p 025000297715 |r 2025-03-20 16:40:26 |s 2025-03-20 |t 52 |w 2016-04-24 |y KY | ||
| 952 | |0 0 |1 0 |2 ddc |3 ΣΤ4 |4 0 |7 0 |9 41149 |a LISP |b LISP |d 2016-04-24 |l 385 |m 1 |p 025000297722 |r 2025-04-03 18:57:06 |s 2025-04-03 |t 64 |w 2016-04-24 |y KY | ||
| 952 | |0 0 |1 0 |2 ddc |3 Ζ4 |4 0 |7 0 |9 41150 |a LISP |b LISP |d 2016-04-24 |l 1590 |m 1 |p 025000297699 |r 2025-04-03 15:40:33 |s 2025-04-03 |t 76 |w 2016-04-24 |y KY | ||
| 952 | |0 0 |1 0 |2 ddc |3 Η4 |4 0 |7 0 |9 41151 |a LISP |b LISP |d 2016-04-24 |l 572 |p 025000297711 |r 2025-04-03 18:54:39 |s 2025-04-03 |t 88 |w 2016-04-24 |y KY | ||
| 952 | |0 0 |1 0 |2 ddc |3 Θ4 |4 0 |7 0 |9 41152 |a LISP |b LISP |d 2016-04-24 |l 1025 |p 025000297761 |r 2025-04-02 18:53:07 |s 2025-04-02 |t 100 |w 2016-04-24 |y KY | ||
| 952 | |0 0 |1 0 |2 ddc |3 Ι4 |4 0 |7 0 |9 41153 |a LISP |b LISP |d 2016-04-24 |l 321 |m 1 |p 025000297795 |r 2025-04-03 12:54:28 |s 2025-04-03 |t 112 |w 2016-04-24 |y KY | ||
| 952 | |0 0 |1 0 |2 ddc |3 ΙΑ4 |4 0 |7 0 |9 41154 |a LISP |b LISP |d 2016-04-24 |l 735 |m 1 |p 025000297693 |r 2025-03-19 18:25:23 |s 2025-02-04 |t 124 |w 2016-04-24 |y KY | ||
| 952 | |0 0 |1 0 |2 ddc |3 ΙΒ4 |4 0 |7 0 |9 41155 |a LISP |b LISP |d 2016-04-24 |l 280 |p 025000297700 |r 2025-04-03 18:52:57 |s 2025-04-03 |t 136 |w 2016-04-24 |y KY | ||
| 952 | |0 0 |1 0 |2 ddc |3 ΙΓ4 |4 0 |7 0 |9 41156 |a LISP |b LISP |d 2016-04-24 |l 277 |m 3 |p 025000297690 |r 2025-04-03 17:48:18 |s 2025-04-03 |t 148 |w 2016-04-24 |y KY | ||
| 952 | |0 0 |1 0 |2 ddc |3 ΙΔ4 |4 0 |7 0 |9 41157 |a LISP |b LISP |d 2016-04-24 |l 1302 |p 025000297804 |r 2025-03-26 18:57:16 |s 2025-03-26 |t 160 |w 2016-04-24 |y KY | ||
| 952 | |0 0 |1 0 |2 ddc |3 ΙΕ4 |4 0 |7 0 |9 41158 |a LISP |b LISP |d 2016-04-24 |l 382 |m 1 |p 025000297649 |r 2025-04-01 18:51:45 |s 2025-04-01 |t 172 |w 2016-04-24 |y KY | ||
| 952 | |0 0 |1 0 |2 ddc |3 ΙΣΤ4 |4 0 |7 0 |9 41159 |a LISP |b LISP |d 2016-04-24 |l 1445 |m 1 |p 025000297793 |r 2025-03-19 18:24:23 |s 2025-02-06 |t 180 |w 2016-04-24 |y KY | ||
| 952 | |0 0 |1 0 |2 ddc |3 ΙΖ4 |4 0 |7 0 |9 41160 |a LISP |b LISP |d 2016-04-24 |l 596 |p 025000297705 |r 2025-04-03 12:03:12 |s 2025-04-03 |t 192 |w 2016-04-24 |y KY | ||
| 952 | |0 0 |1 0 |2 ddc |3 Α5 |4 0 |7 0 |9 41161 |a LISP |b LISP |d 2016-04-24 |l 358 |p 025000297762 |r 2025-04-01 18:09:56 |s 2025-04-01 |t 5 |w 2016-04-24 |y KY | ||
| 952 | |0 0 |1 0 |2 ddc |3 Β5 |4 0 |7 0 |9 41162 |a LISP |b LISP |d 2016-04-24 |l 1302 |p 025000315813 |r 2025-04-03 16:48:12 |s 2025-04-03 |t 17 |w 2016-04-24 |y KY | ||
| 952 | |0 0 |1 0 |2 ddc |3 Γ5 |4 0 |7 0 |9 41163 |a LISP |b LISP |d 2016-04-24 |l 341 |p 025000297792 |r 2025-04-03 16:00:08 |s 2025-04-03 |t 29 |w 2016-04-24 |y KY | ||
| 952 | |0 0 |1 0 |2 ddc |3 Δ5 |4 0 |7 0 |9 41164 |a LISP |b LISP |d 2016-04-24 |l 278 |p 025000297735 |r 2025-04-03 17:51:43 |s 2025-04-03 |t 41 |w 2016-04-24 |y KY | ||
| 952 | |0 0 |1 0 |2 ddc |3 Ε5 |4 0 |7 0 |9 41165 |a LISP |b LISP |d 2016-04-24 |l 1223 |p 025000297676 |r 2025-04-03 15:31:40 |s 2025-04-03 |t 53 |w 2016-04-24 |y KY | ||
| 952 | |0 0 |1 0 |2 ddc |3 ΣΤ5 |4 0 |7 0 |9 41166 |a LISP |b LISP |d 2016-04-24 |l 279 |m 3 |p 025000297776 |r 2025-04-01 17:06:48 |s 2025-03-27 |t 65 |w 2016-04-24 |y KY | ||
| 952 | |0 0 |1 0 |2 ddc |3 Ζ5 |4 0 |7 0 |9 41167 |a LISP |b LISP |d 2016-04-24 |l 275 |p 025000297807 |r 2025-04-03 14:50:52 |s 2025-04-03 |t 77 |w 2016-04-24 |y KY | ||
| 952 | |0 0 |1 0 |2 ddc |3 Η5 |4 0 |7 0 |9 41168 |a LISP |b LISP |d 2016-04-24 |l 1282 |p 025000297694 |r 2025-04-01 18:52:21 |s 2025-04-01 |t 89 |w 2016-04-24 |y KY | ||
| 952 | |0 0 |1 0 |2 ddc |3 Θ5 |4 0 |7 0 |9 41169 |a LISP |b LISP |d 2016-04-24 |l 412 |m 1 |p 025000297763 |r 2025-04-01 15:57:26 |s 2025-04-01 |t 101 |w 2016-04-24 |y KY | ||
| 952 | |0 0 |1 0 |2 ddc |3 Ι5 |4 0 |7 0 |9 41170 |a LISP |b LISP |d 2016-04-24 |l 1303 |p 025000297813 |r 2025-04-03 18:56:19 |s 2025-04-03 |t 113 |w 2016-04-24 |y KY | ||
| 952 | |0 0 |1 0 |2 ddc |3 ΙΑ5 |4 0 |7 0 |9 41171 |a LISP |b LISP |d 2016-04-24 |l 740 |m 1 |p 025000297760 |r 2025-04-03 14:17:45 |s 2025-04-03 |t 125 |w 2016-04-24 |y KY | ||
| 952 | |0 0 |1 0 |2 ddc |3 ΙΒ5 |4 0 |7 0 |9 41172 |a LISP |b LISP |d 2016-04-24 |l 256 |m 1 |p 025000297759 |q 2025-04-04 |r 2025-04-03 10:29:15 |s 2025-04-03 |t 137 |w 2016-04-24 |y KY | ||
| 952 | |0 0 |1 0 |2 ddc |3 ΙΓ5 |4 0 |7 0 |9 41173 |a LISP |b LISP |d 2016-04-24 |l 1339 |p 025000297789 |r 2025-04-01 15:49:55 |s 2025-03-28 |t 149 |w 2016-04-24 |y KY | ||
| 952 | |0 0 |1 0 |2 ddc |3 ΙΔ5 |4 0 |7 0 |9 41174 |a LISP |b LISP |d 2016-04-24 |l 234 |p 025000297664 |r 2025-04-03 18:08:13 |s 2025-04-03 |t 161 |w 2016-04-24 |y KY | ||
| 952 | |0 0 |1 0 |2 ddc |3 ΙΕ5 |4 0 |7 0 |9 41175 |a LISP |b LISP |d 2016-04-24 |l 223 |p 025000297740 |r 2025-04-03 16:13:55 |s 2025-04-03 |t 173 |w 2016-04-24 |y KY | ||
| 952 | |0 0 |1 0 |2 ddc |3 ΙΣΤ5 |4 0 |7 0 |9 41176 |a LISP |b LISP |d 2016-04-24 |l 247 |m 2 |p 025000297786 |r 2025-03-19 18:26:15 |s 2025-03-19 |t 181 |w 2016-04-24 |y KY | ||
| 952 | |0 0 |1 0 |2 ddc |3 ΙΖ5 |4 0 |7 0 |9 41177 |a LISP |b LISP |d 2016-04-24 |l 626 |m 2 |p 025000297838 |r 2025-04-03 17:51:55 |s 2025-04-03 |t 193 |w 2016-04-24 |y KY | ||
| 952 | |0 0 |1 0 |2 ddc |3 Α6 |4 0 |7 0 |9 41178 |a LISP |b LISP |d 2016-04-24 |l 276 |p 025000297836 |r 2025-04-01 18:06:21 |s 2025-04-01 |t 6 |w 2016-04-24 |y KY | ||
| 952 | |0 0 |1 0 |2 ddc |3 Β6 |4 0 |7 0 |9 41179 |a LISP |b LISP |d 2016-04-24 |l 278 |p 025000297753 |r 2025-04-01 16:47:41 |s 2025-04-01 |t 18 |w 2016-04-24 |y KY | ||
| 952 | |0 0 |1 0 |2 ddc |3 Γ6 |4 0 |7 0 |9 41180 |a LISP |b LISP |d 2016-04-24 |l 1225 |p 025000297666 |r 2025-04-02 16:40:55 |s 2025-04-02 |t 30 |w 2016-04-24 |y KY | ||
| 952 | |0 0 |1 0 |2 ddc |3 Δ6 |4 0 |7 0 |9 41181 |a LISP |b LISP |d 2016-04-24 |l 1289 |p 025000297757 |r 2025-04-01 18:54:53 |s 2025-04-01 |t 42 |w 2016-04-24 |y KY | ||
| 952 | |0 0 |1 0 |2 ddc |3 Ε6 |4 0 |7 0 |9 41182 |a LISP |b LISP |d 2016-04-24 |l 920 |p 025000297809 |r 2025-04-03 14:20:58 |s 2025-04-03 |t 54 |w 2016-04-24 |y KY | ||
| 952 | |0 0 |1 0 |2 ddc |3 ΣΤ6 |4 0 |7 0 |9 41183 |a LISP |b LISP |d 2016-04-24 |l 213 |m 2 |p 025000297768 |r 2025-04-02 18:38:59 |s 2025-04-02 |t 66 |w 2016-04-24 |y KY | ||
| 952 | |0 0 |1 0 |2 ddc |3 Ζ6 |4 0 |7 0 |9 41184 |a LISP |b LISP |d 2016-04-24 |l 1398 |p 025000297738 |r 2025-04-03 18:40:49 |s 2025-04-03 |t 78 |w 2016-04-24 |y KY | ||
| 952 | |0 0 |1 0 |2 ddc |3 Η6 |4 0 |7 0 |9 41185 |a LISP |b LISP |d 2016-04-24 |l 307 |p 025000297685 |r 2025-04-02 18:47:41 |s 2025-04-02 |t 90 |w 2016-04-24 |y KY | ||
| 952 | |0 0 |1 0 |2 ddc |3 Θ6 |4 0 |7 0 |9 41186 |a LISP |b LISP |d 2016-04-24 |l 295 |m 1 |p 025000297752 |r 2025-03-28 17:14:09 |s 2025-03-28 |t 102 |w 2016-04-24 |y KY | ||
| 952 | |0 0 |1 0 |2 ddc |3 Ι6 |4 0 |7 0 |9 41187 |a LISP |b LISP |d 2016-04-24 |l 896 |m 2 |p 025000297731 |r 2025-04-03 14:37:18 |s 2025-04-03 |t 114 |w 2016-04-24 |y KY | ||
| 952 | |0 0 |1 0 |2 ddc |3 ΙΑ6 |4 0 |7 0 |9 41188 |a LISP |b LISP |d 2016-04-24 |l 1123 |p 025000297772 |r 2025-03-19 18:24:09 |s 2025-03-13 |t 126 |w 2016-04-24 |y KY | ||
| 952 | |0 0 |1 0 |2 ddc |3 ΙΒ6 |4 0 |7 0 |9 41189 |a LISP |b LISP |d 2016-04-24 |l 96 |p 025000315807 |r 2025-04-03 18:46:48 |s 2025-04-03 |t 138 |w 2016-04-24 |y KY | ||
| 952 | |0 0 |1 0 |2 ddc |3 ΙΓ6 |4 0 |7 0 |9 41190 |a LISP |b LISP |d 2016-04-24 |l 319 |p 025000297688 |r 2025-04-03 15:33:57 |s 2025-04-03 |t 150 |w 2016-04-24 |y KY | ||
| 952 | |0 0 |1 0 |2 ddc |3 ΙΔ6 |4 0 |7 0 |9 41191 |a LISP |b LISP |d 2016-04-24 |l 394 |m 2 |p 025000297658 |r 2025-04-03 17:32:05 |s 2025-04-03 |t 162 |w 2016-04-24 |y KY | ||
| 952 | |0 0 |1 0 |2 ddc |3 ΙΕ6 |4 0 |7 0 |9 41192 |a LISP |b LISP |d 2016-04-24 |l 1414 |m 1 |p 025000297677 |r 2025-04-03 17:05:01 |s 2025-04-03 |t 174 |w 2016-04-24 |y KY | ||
| 952 | |0 0 |1 0 |2 ddc |3 ΙΣΤ6 |4 0 |7 0 |9 41193 |a LISP |b LISP |d 2016-04-24 |l 259 |p 025000297724 |r 2025-03-19 18:25:47 |s 2025-03-19 |t 182 |w 2016-04-24 |y KY | ||
| 952 | |0 0 |1 0 |2 ddc |3 ΙΖ6 |4 0 |7 0 |9 41194 |a LISP |b LISP |d 2016-04-24 |l 435 |m 1 |p 025000297707 |r 2025-04-02 17:48:47 |s 2025-04-02 |t 194 |w 2016-04-24 |y KY | ||
| 952 | |0 0 |1 0 |2 ddc |3 Α7 |4 0 |7 0 |9 41195 |a LISP |b LISP |d 2016-04-24 |l 350 |m 1 |p 025000297765 |r 2025-04-03 18:56:07 |s 2025-04-03 |t 7 |w 2016-04-24 |y KY | ||
| 952 | |0 0 |1 0 |2 ddc |3 Β7 |4 0 |7 0 |9 41196 |a LISP |b LISP |d 2016-04-24 |l 283 |p 025000297780 |r 2025-04-01 16:47:45 |s 2025-04-01 |t 19 |w 2016-04-24 |y KY | ||
| 952 | |0 0 |1 0 |2 ddc |3 Γ7 |4 0 |7 0 |9 41197 |a LISP |b LISP |d 2016-04-24 |l 1391 |p 025000297736 |r 2025-04-03 15:00:18 |s 2025-04-03 |t 31 |w 2016-04-24 |y KY | ||
| 952 | |0 0 |1 0 |2 ddc |3 Δ7 |4 0 |7 0 |9 41198 |a LISP |b LISP |d 2016-04-24 |l 1432 |p 025000297788 |r 2025-04-03 15:01:06 |s 2025-04-02 |t 43 |w 2016-04-24 |y KY | ||
| 952 | |0 0 |1 0 |2 ddc |3 Ε7 |4 0 |7 0 |9 41199 |a LISP |b LISP |d 2016-04-24 |l 1321 |m 1 |p 025000297779 |r 2025-04-03 18:55:10 |s 2025-03-28 |t 55 |w 2016-04-24 |y KY | ||
| 952 | |0 0 |1 0 |2 ddc |3 ΣΤ7 |4 0 |7 0 |9 41200 |a LISP |b LISP |d 2016-04-24 |l 1240 |m 1 |p 025000297814 |r 2025-04-03 17:51:59 |s 2025-04-03 |t 67 |w 2016-04-24 |y KY | ||
| 952 | |0 0 |1 0 |2 ddc |3 Ζ7 |4 0 |7 0 |9 41201 |a LISP |b LISP |d 2016-04-24 |l 460 |p 025000297842 |r 2025-04-02 18:35:26 |s 2025-04-02 |t 79 |w 2016-04-24 |y KY | ||
| 952 | |0 0 |1 0 |2 ddc |3 Η7 |4 0 |7 0 |9 41202 |a LISP |b LISP |d 2016-04-24 |l 282 |m 1 |p 025000297696 |r 2025-04-01 18:54:51 |s 2025-04-01 |t 91 |w 2016-04-24 |y KY | ||
| 952 | |0 0 |1 0 |2 ddc |3 Θ7 |4 0 |7 0 |9 41203 |a LISP |b LISP |d 2016-04-24 |l 674 |p 025000297743 |r 2025-04-03 12:58:12 |s 2025-04-03 |t 103 |w 2016-04-24 |y KY | ||
| 952 | |0 0 |1 0 |2 ddc |3 Ι7 |4 0 |7 0 |9 41204 |a LISP |b LISP |d 2016-04-24 |l 304 |p 025000297701 |r 2025-02-18 12:37:29 |s 2025-02-18 |t 115 |w 2016-04-24 |y KY | ||
| 952 | |0 0 |1 0 |2 ddc |3 ΙΑ7 |4 0 |7 0 |9 41205 |a LISP |b LISP |d 2016-04-24 |l 273 |p 025000297840 |r 2025-04-03 14:35:20 |s 2025-04-03 |t 127 |w 2016-04-24 |y KY | ||
| 952 | |0 0 |1 0 |2 ddc |3 ΙΒ7 |4 0 |7 0 |9 41206 |a LISP |b LISP |d 2016-04-24 |l 663 |m 1 |p 025000297783 |r 2025-04-03 17:57:19 |s 2025-04-03 |t 139 |w 2016-04-24 |y KY | ||
| 952 | |0 0 |1 0 |2 ddc |3 ΙΓ7 |4 0 |7 0 |9 41207 |a LISP |b LISP |d 2016-04-24 |l 781 |p 025000297805 |r 2025-03-19 18:29:03 |s 2025-02-06 |t 151 |w 2016-04-24 |y KY | ||
| 952 | |0 0 |1 0 |2 ddc |3 ΙΔ7 |4 0 |7 0 |9 41208 |a LISP |b LISP |d 2016-04-24 |l 239 |p 025000297669 |r 2025-04-02 12:59:14 |s 2025-04-02 |t 163 |w 2016-04-24 |y KY | ||
| 952 | |0 0 |1 0 |2 ddc |3 ΙΕ7 |4 0 |7 0 |9 41209 |a LISP |b LISP |d 2016-04-24 |l 1240 |p 025000297655 |r 2025-04-03 14:53:55 |s 2025-04-03 |t 175 |w 2016-04-24 |y KY | ||
| 952 | |0 0 |1 0 |2 ddc |3 ΙΣΤ7 |4 0 |7 0 |9 41210 |a LISP |b LISP |d 2016-04-24 |l 214 |p 025000297710 |r 2025-04-03 11:45:45 |s 2025-04-03 |t 183 |w 2016-04-24 |y KY | ||
| 952 | |0 0 |1 0 |2 ddc |3 ΙΖ7 |4 0 |7 0 |9 41211 |a LISP |b LISP |d 2016-04-24 |l 509 |m 1 |p 025000297815 |r 2025-04-03 18:43:11 |s 2025-04-02 |t 195 |w 2016-04-24 |y KY | ||
| 952 | |0 0 |1 0 |2 ddc |3 Α8 |4 0 |7 0 |9 41212 |a LISP |b LISP |d 2016-04-24 |l 399 |p 025000297764 |r 2025-04-03 17:11:44 |s 2025-04-03 |t 8 |w 2016-04-24 |y KY | ||
| 952 | |0 0 |1 0 |2 ddc |3 Β8 |4 0 |7 0 |9 41213 |a LISP |b LISP |d 2016-04-24 |l 1253 |m 2 |p 025000297782 |r 2025-04-03 14:39:42 |s 2025-04-03 |t 20 |w 2016-04-24 |y KY | ||
| 952 | |0 0 |1 0 |2 ddc |3 Γ8 |4 0 |7 0 |9 41214 |a LISP |b LISP |d 2016-04-24 |l 367 |p 025000297737 |r 2025-03-19 18:22:14 |s 2025-03-19 |t 32 |w 2016-04-24 |y KY | ||
| 952 | |0 0 |1 0 |2 ddc |3 Δ8 |4 0 |7 0 |9 41215 |a LISP |b LISP |d 2016-04-24 |l 572 |m 1 |p 025000297671 |r 2025-04-02 14:54:35 |s 2025-04-02 |t 44 |w 2016-04-24 |y KY | ||
| 952 | |0 0 |1 0 |2 ddc |3 Ε8 |4 0 |7 0 |9 41216 |a LISP |b LISP |d 2016-04-24 |l 691 |p 025000315809 |r 2025-04-03 18:07:08 |s 2025-04-03 |t 56 |w 2016-04-24 |y KY | ||
| 952 | |0 0 |1 0 |2 ddc |3 ΣΤ8 |4 0 |7 0 |9 41217 |a LISP |b LISP |d 2016-04-24 |l 969 |m 1 |p 025000297839 |r 2025-04-01 16:50:40 |s 2025-04-01 |t 68 |w 2016-04-24 |y KY | ||
| 952 | |0 0 |1 0 |2 ddc |3 Ζ8 |4 0 |7 0 |9 41218 |a LISP |b LISP |d 2016-04-24 |l 276 |p 025000297767 |r 2025-04-03 17:04:56 |s 2025-04-03 |t 80 |w 2016-04-24 |y KY | ||
| 952 | |0 0 |1 0 |2 ddc |3 Η8 |4 0 |7 0 |9 41219 |a LISP |b LISP |d 2016-04-24 |l 680 |m 1 |p 025000297831 |r 2025-04-02 18:39:07 |s 2025-04-02 |t 92 |w 2016-04-24 |y KY | ||
| 952 | |0 0 |1 0 |2 ddc |3 Θ8 |4 0 |7 0 |9 41220 |a LISP |b LISP |d 2016-04-24 |l 251 |p 025000297745 |r 2025-04-03 14:27:49 |s 2025-04-03 |t 104 |w 2016-04-24 |y KY | ||
| 952 | |0 0 |1 0 |2 ddc |3 Ι8 |4 0 |7 0 |9 41221 |a LISP |b LISP |d 2016-04-24 |l 416 |m 1 |p 025000297727 |r 2025-04-01 18:55:00 |s 2025-04-01 |t 116 |w 2016-04-24 |y KY | ||
| 952 | |0 0 |1 0 |2 ddc |3 ΙΑ8 |4 0 |7 0 |9 41222 |a LISP |b LISP |d 2016-04-24 |l 306 |p 025000297828 |r 2025-04-03 13:56:22 |s 2025-04-03 |t 128 |w 2016-04-24 |y KY | ||
| 952 | |0 0 |1 0 |2 ddc |3 ΙΒ8 |4 0 |7 0 |9 41223 |a LISP |b LISP |d 2016-04-24 |l 245 |m 1 |p 025000297730 |r 2025-03-19 18:24:18 |s 2025-02-25 |t 140 |w 2016-04-24 |y KY | ||
| 952 | |0 0 |1 0 |2 ddc |3 ΙΓ8 |4 0 |7 0 |9 41224 |a LISP |b LISP |d 2016-04-24 |l 346 |m 1 |p 025000297674 |r 2025-03-20 16:06:01 |s 2025-03-20 |t 152 |w 2016-04-24 |y KY | ||
| 952 | |0 0 |1 0 |2 ddc |3 ΙΔ8 |4 0 |7 0 |9 41225 |a LISP |b LISP |d 2016-04-24 |l 1329 |p 025000297670 |r 2025-04-03 15:31:36 |s 2025-04-03 |t 164 |w 2016-04-24 |y KY | ||
| 952 | |0 0 |1 0 |2 ddc |3 ΙΕ8 |4 0 |7 0 |9 41226 |a LISP |b LISP |d 2016-04-24 |l 565 |p 025000297781 |r 2025-04-01 17:03:46 |s 2025-04-01 |t 176 |w 2016-04-24 |y KY | ||
| 952 | |0 0 |1 0 |2 ddc |3 ΙΣΤ8 |4 0 |7 0 |9 41227 |a LISP |b LISP |d 2016-04-24 |l 267 |p 025000297713 |r 2025-03-19 18:24:02 |s 2025-03-19 |t 184 |w 2016-04-24 |y KY | ||
| 952 | |0 0 |1 0 |2 ddc |3 ΙΖ8 |4 0 |7 0 |9 41228 |a LISP |b LISP |d 2016-04-24 |l 1200 |p 025000297709 |r 2025-04-03 18:12:45 |s 2025-04-03 |t 196 |w 2016-04-24 |y KY | ||
| 952 | |0 0 |1 0 |2 ddc |3 Α9 |4 0 |7 0 |9 41229 |a LISP |b LISP |d 2016-04-24 |l 933 |p 025000297806 |r 2025-03-19 18:28:00 |s 2025-03-04 |t 9 |w 2016-04-24 |y KY | ||
| 952 | |0 0 |1 0 |2 ddc |3 Β9 |4 0 |7 0 |9 41230 |a LISP |b LISP |d 2016-04-24 |l 547 |p 025000297729 |r 2025-04-01 18:52:24 |s 2025-04-01 |t 21 |w 2016-04-24 |y KY | ||
| 952 | |0 0 |1 0 |2 ddc |3 Γ9 |4 0 |7 0 |9 41231 |a LISP |b LISP |d 2016-04-24 |l 333 |m 1 |p 025000297803 |r 2025-04-02 16:59:17 |s 2025-04-02 |t 33 |w 2016-04-24 |y KY | ||
| 952 | |0 0 |1 0 |2 ddc |3 Δ9 |4 0 |7 0 |9 41232 |a LISP |b LISP |d 2016-04-24 |l 709 |p 025000297684 |r 2025-04-03 14:31:55 |s 2025-04-02 |t 45 |w 2016-04-24 |y KY | ||
| 952 | |0 0 |1 0 |2 ddc |3 Ε9 |4 0 |7 0 |9 41233 |a LISP |b LISP |d 2016-04-24 |l 1336 |p 025000297657 |r 2025-04-01 18:16:24 |s 2025-04-01 |t 57 |w 2016-04-24 |y KY | ||
| 952 | |0 0 |1 0 |2 ddc |3 ΣΤ9 |4 0 |7 0 |9 41234 |a LISP |b LISP |d 2016-04-24 |l 220 |m 1 |p 025000297748 |r 2025-03-19 18:23:09 |s 2025-03-19 |t 69 |w 2016-04-24 |y KY | ||
| 952 | |0 0 |1 0 |2 ddc |3 Ζ9 |4 0 |7 0 |9 41235 |a LISP |b LISP |d 2016-04-24 |l 1353 |p 025000297691 |r 2025-04-01 16:59:43 |s 2025-04-01 |t 81 |w 2016-04-24 |y KY | ||
| 952 | |0 0 |1 0 |2 ddc |3 Η9 |4 0 |7 0 |9 41236 |a LISP |b LISP |d 2016-04-24 |l 282 |p 025000297667 |r 2025-04-03 18:47:09 |s 2025-04-03 |t 93 |w 2016-04-24 |y KY | ||
| 952 | |0 0 |1 0 |2 ddc |3 Θ9 |4 0 |7 0 |9 41237 |a LISP |b LISP |d 2016-04-24 |l 444 |m 1 |p 025000297796 |r 2025-04-03 16:30:24 |s 2025-04-03 |t 105 |w 2016-04-24 |y KY | ||
| 952 | |0 0 |1 0 |2 ddc |3 Ι9 |4 0 |7 0 |9 41238 |a LISP |b LISP |d 2016-04-24 |l 323 |p 025000297825 |r 2025-04-03 13:21:35 |s 2025-04-03 |t 117 |w 2016-04-24 |y KY | ||
| 952 | |0 0 |1 0 |2 ddc |3 ΙΑ9 |4 0 |7 0 |9 41239 |a LISP |b LISP |d 2016-04-24 |l 568 |p 025000315811 |r 2025-04-02 18:40:32 |s 2025-04-02 |t 129 |w 2016-04-24 |y KY | ||
| 952 | |0 0 |1 0 |2 ddc |3 ΙΒ9 |4 0 |7 0 |9 41240 |a LISP |b LISP |d 2016-04-24 |l 295 |p 025000297818 |r 2025-03-20 12:20:51 |s 2025-03-20 |t 141 |w 2016-04-24 |y KY | ||
| 952 | |0 0 |1 0 |2 ddc |3 ΙΓ9 |4 0 |7 0 |9 41241 |a LISP |b LISP |d 2016-04-24 |l 257 |p 025000297790 |r 2025-03-19 18:28:07 |s 2025-02-04 |t 153 |w 2016-04-24 |y KY | ||
| 952 | |0 0 |1 0 |2 ddc |3 ΙΔ9 |4 0 |7 0 |9 41242 |a LISP |b LISP |d 2016-04-24 |l 1037 |m 1 |p 025000297749 |r 2025-04-03 18:43:05 |s 2025-04-03 |t 165 |w 2016-04-24 |y KY | ||
| 952 | |0 0 |1 0 |2 ddc |3 ΙΣΤ9 |4 0 |7 0 |9 41243 |a LISP |b LISP |d 2016-04-24 |l 696 |m 1 |p 025000297714 |r 2025-03-20 15:08:39 |s 2025-03-20 |t 185 |w 2016-04-24 |y KY | ||
| 952 | |0 0 |1 0 |2 ddc |3 ΙΖ9 |4 0 |7 0 |9 41244 |a LISP |b LISP |d 2016-04-24 |l 574 |m 1 |p 025000297775 |r 2025-04-01 18:51:42 |s 2025-04-01 |t 197 |w 2016-04-24 |y KY | ||
| 952 | |0 0 |1 0 |2 ddc |3 Α10 |4 0 |7 0 |9 41245 |a LISP |b LISP |d 2016-04-24 |l 365 |p 025000297673 |r 2025-04-03 15:09:44 |s 2025-04-03 |t 10 |w 2016-04-24 |y KY | ||
| 952 | |0 0 |1 0 |2 ddc |3 Β10 |4 0 |7 0 |9 41246 |a LISP |b LISP |d 2016-04-24 |l 700 |p 025000297675 |r 2025-04-03 18:51:28 |s 2025-04-03 |t 22 |w 2016-04-24 |y KY | ||
| 952 | |0 0 |1 0 |2 ddc |3 Γ10 |4 0 |7 0 |9 41247 |a LISP |b LISP |d 2016-04-24 |l 655 |m 1 |p 025000297702 |r 2025-04-01 18:51:16 |s 2025-04-01 |t 34 |w 2016-04-24 |y KY | ||
| 952 | |0 0 |1 0 |2 ddc |3 Δ10 |4 0 |7 0 |9 41248 |a LISP |b LISP |d 2016-04-24 |l 972 |p 025000297784 |r 2025-03-20 18:53:29 |s 2025-03-20 |t 46 |w 2016-04-24 |y KY | ||
| 952 | |0 0 |1 0 |2 ddc |3 Ε10 |4 0 |7 0 |9 41249 |a LISP |b LISP |d 2016-04-24 |l 320 |m 1 |p 025000297787 |r 2025-03-20 18:49:38 |s 2025-03-06 |t 58 |w 2016-04-24 |y KY | ||
| 952 | |0 0 |1 0 |2 ddc |3 ΣΤ10 |4 0 |7 0 |9 41250 |a LISP |b LISP |d 2016-04-24 |l 278 |p 025000297661 |r 2025-03-31 12:01:31 |s 2025-03-31 |t 70 |w 2016-04-24 |y KY | ||
| 952 | |0 0 |1 0 |2 ddc |3 Ζ10 |4 0 |7 0 |9 41251 |a LISP |b LISP |d 2016-04-24 |l 1190 |p 025000297755 |r 2025-04-01 18:50:10 |s 2025-04-01 |t 82 |w 2016-04-24 |y KY | ||
| 952 | |0 0 |1 0 |2 ddc |3 Η10 |4 0 |7 0 |9 41252 |a LISP |b LISP |d 2016-04-24 |l 996 |p 025000315808 |r 2025-04-03 13:06:39 |s 2025-04-03 |t 94 |w 2016-04-24 |y KY | ||
| 952 | |0 0 |1 0 |2 ddc |3 Θ10 |4 0 |7 0 |9 41253 |a LISP |b LISP |d 2016-04-24 |l 341 |p 025000297734 |r 2025-04-03 14:21:01 |s 2025-04-03 |t 106 |w 2016-04-24 |y KY | ||
| 952 | |0 0 |1 0 |2 ddc |3 Ι10 |4 0 |7 0 |9 41254 |a LISP |b LISP |d 2016-04-24 |l 362 |p 025000297682 |r 2025-04-02 18:55:16 |s 2025-04-02 |t 118 |w 2016-04-24 |y KY | ||
| 952 | |0 0 |1 0 |2 ddc |3 ΙΑ10 |4 0 |7 0 |9 41255 |a LISP |b LISP |d 2016-04-24 |l 233 |p 025000297650 |r 2025-03-19 18:20:37 |s 2025-03-18 |t 130 |w 2016-04-24 |y KY | ||
| 952 | |0 0 |1 0 |2 ddc |3 ΙΒ10 |4 0 |7 0 |9 41256 |a LISP |b LISP |d 2016-04-24 |l 1193 |p 025000297654 |r 2025-04-03 15:38:49 |s 2025-04-03 |t 142 |w 2016-04-24 |y KY | ||
| 952 | |0 0 |1 0 |2 ddc |3 ΙΓ10 |4 0 |7 0 |9 41257 |a LISP |b LISP |d 2016-04-24 |l 313 |m 2 |p 025000297721 |r 2025-03-28 18:31:51 |s 2025-03-28 |t 154 |w 2016-04-24 |y KY | ||
| 952 | |0 0 |1 0 |2 ddc |3 ΙΔ10 |4 0 |7 0 |9 41258 |a LISP |b LISP |d 2016-04-24 |l 1041 |p 025000297652 |r 2025-03-19 18:20:14 |s 2025-03-19 |t 166 |w 2016-04-24 |y KY | ||
| 952 | |0 0 |1 0 |2 ddc |3 ΙΣΤ10 |4 0 |7 0 |9 41259 |a LISP |b LISP |d 2016-04-24 |l 1039 |m 1 |p 025000297833 |r 2025-03-19 18:28:02 |s 2025-03-11 |t 186 |w 2016-04-24 |y KY | ||
| 952 | |0 0 |1 0 |2 ddc |3 ΙΖ10 |4 0 |7 0 |9 41260 |a LISP |b LISP |d 2016-04-24 |l 1244 |p 025000297824 |r 2025-04-03 18:46:50 |s 2025-04-03 |t 198 |w 2016-04-24 |y KY | ||
| 952 | |0 0 |1 0 |2 ddc |3 Α11 |4 0 |7 0 |9 41261 |a LISP |b LISP |d 2016-04-24 |l 343 |p 025000297797 |r 2025-04-02 17:08:39 |s 2025-04-02 |t 11 |w 2016-04-24 |y KY | ||
| 952 | |0 0 |1 0 |2 ddc |3 Β11 |4 0 |7 0 |9 41262 |a LISP |b LISP |d 2016-04-24 |l 1083 |m 1 |p 025000297751 |r 2025-04-03 16:30:36 |s 2025-04-03 |t 23 |w 2016-04-24 |y KY | ||
| 952 | |0 0 |1 0 |2 ddc |3 Γ11 |4 0 |7 0 |9 41263 |a LISP |b LISP |d 2016-04-24 |l 1080 |p 025000297821 |r 2025-03-19 18:28:59 |s 2025-02-05 |t 35 |w 2016-04-24 |y KY | ||
| 952 | |0 0 |1 0 |2 ddc |3 Δ11 |4 0 |7 0 |9 41264 |a LISP |b LISP |d 2016-04-24 |l 1131 |p 025000297656 |q 2025-04-04 |r 2025-04-03 12:40:56 |s 2025-04-03 |t 47 |w 2016-04-24 |y KY | ||
| 952 | |0 0 |1 0 |2 ddc |3 Ε11 |4 0 |7 0 |9 41265 |a LISP |b LISP |d 2016-04-24 |l 867 |p 025000297681 |r 2025-03-19 18:20:31 |s 2025-03-19 |t 59 |w 2016-04-24 |y KY | ||
| 952 | |0 0 |1 0 |2 ddc |3 ΣΤ11 |4 0 |7 0 |9 41266 |a LISP |b LISP |d 2016-04-24 |l 537 |m 1 |p 025000315810 |r 2025-04-01 17:17:01 |s 2025-04-01 |t 71 |w 2016-04-24 |y KY | ||
| 952 | |0 0 |1 0 |2 ddc |3 Ζ11 |4 0 |7 0 |9 41267 |a LISP |b LISP |d 2016-04-24 |l 270 |p 025000297812 |r 2025-03-19 18:22:26 |s 2025-02-03 |t 83 |w 2016-04-24 |y KY | ||
| 952 | |0 0 |1 0 |2 ddc |3 Η11 |4 0 |7 0 |9 41268 |a LISP |b LISP |d 2016-04-24 |l 1004 |p 025000297785 |r 2025-04-02 19:02:01 |s 2025-04-02 |t 95 |w 2016-04-24 |y KY | ||
| 952 | |0 0 |1 0 |2 ddc |3 Θ11 |4 0 |7 0 |9 41269 |a LISP |b LISP |d 2016-04-24 |l 539 |m 1 |p 025000297747 |r 2025-04-01 16:43:08 |s 2025-02-05 |t 107 |w 2016-04-24 |y KY | ||
| 952 | |0 0 |1 0 |2 ddc |3 Ι11 |4 0 |7 0 |9 41270 |a LISP |b LISP |d 2016-04-24 |l 760 |p 025000315805 |r 2025-03-28 15:11:26 |s 2025-03-28 |t 119 |w 2016-04-24 |y KY | ||
| 952 | |0 0 |1 0 |2 ddc |3 ΙΑ11 |4 0 |7 0 |9 41271 |a LISP |b LISP |d 2016-04-24 |l 279 |m 2 |p 025000297708 |r 2025-04-02 12:54:08 |s 2025-04-02 |t 131 |w 2016-04-24 |y KY | ||
| 952 | |0 0 |1 0 |2 ddc |3 ΙΒ11 |4 0 |7 0 |9 41272 |a LISP |b LISP |d 2016-04-24 |l 1058 |p 025000297750 |r 2025-03-28 18:43:52 |s 2025-03-28 |t 143 |w 2016-04-24 |y KY | ||
| 952 | |0 0 |1 0 |2 ddc |3 ΙΓ11 |4 0 |7 0 |9 41273 |a LISP |b LISP |d 2016-04-24 |l 1232 |p 025000297695 |r 2025-04-03 15:01:30 |s 2025-04-03 |t 155 |w 2016-04-24 |y KY | ||
| 952 | |0 0 |1 0 |2 ddc |3 ΙΔ11 |4 0 |7 0 |9 41274 |a LISP |b LISP |d 2016-04-24 |l 534 |p 025000297816 |r 2025-04-02 16:31:58 |s 2025-04-02 |t 167 |w 2016-04-24 |y KY | ||
| 952 | |0 0 |1 0 |2 ddc |3 ΙΣΤ11 |4 0 |7 0 |9 41275 |a LISP |b LISP |d 2016-04-24 |l 204 |p 025000297794 |r 2025-04-03 18:46:45 |s 2025-04-03 |t 187 |w 2016-04-24 |y KY | ||
| 952 | |0 0 |1 0 |2 ddc |3 ΙΖ11 |4 0 |7 0 |9 41276 |a LISP |b LISP |d 2016-04-24 |l 208 |p 025000297683 |r 2025-04-01 18:55:58 |s 2025-04-01 |t 199 |w 2016-04-24 |y KY | ||
| 952 | |0 0 |1 0 |2 ddc |3 Α12 |4 0 |7 0 |9 41277 |a LISP |b LISP |d 2016-04-24 |l 285 |p 025000297717 |r 2025-04-03 18:20:52 |s 2025-03-31 |t 12 |w 2016-04-24 |y KY | ||
| 952 | |0 0 |1 0 |2 ddc |3 Β12 |4 0 |7 0 |9 41278 |a LISP |b LISP |d 2016-04-24 |l 1056 |m 1 |p 025000297799 |r 2025-04-03 14:45:18 |s 2025-04-03 |t 24 |w 2016-04-24 |y KY | ||
| 952 | |0 0 |1 0 |2 ddc |3 Γ12 |4 0 |7 0 |9 41279 |a LISP |b LISP |d 2016-04-24 |l 230 |p 025000297823 |r 2025-04-03 17:10:45 |s 2025-04-03 |t 36 |w 2016-04-24 |y KY | ||
| 952 | |0 0 |1 0 |2 ddc |3 Δ12 |4 0 |7 0 |9 41280 |a LISP |b LISP |d 2016-04-24 |l 784 |p 025000297801 |r 2025-04-03 16:11:06 |s 2025-04-03 |t 48 |w 2016-04-24 |y KY | ||
| 952 | |0 0 |1 0 |2 ddc |3 Ε12 |4 0 |7 0 |9 41281 |a LISP |b LISP |d 2016-04-24 |l 959 |p 025000297703 |r 2025-04-02 12:58:30 |s 2025-04-02 |t 60 |w 2016-04-24 |y KY | ||
| 952 | |0 0 |1 0 |2 ddc |3 ΣΤ12 |4 0 |7 0 |9 41282 |a LISP |b LISP |d 2016-04-24 |l 221 |p 025000297756 |r 2025-04-03 17:51:40 |s 2025-04-03 |t 72 |w 2016-04-24 |y KY | ||
| 952 | |0 0 |1 0 |2 ddc |3 Ζ12 |4 0 |7 0 |9 41283 |a LISP |b LISP |d 2016-04-24 |l 870 |m 1 |p 025000297846 |r 2025-03-31 18:04:13 |s 2025-03-31 |t 84 |w 2016-04-24 |y KY | ||
| 952 | |0 0 |1 0 |2 ddc |3 Η12 |4 0 |7 0 |9 41284 |a LISP |b LISP |d 2016-04-24 |l 416 |p 025000297741 |r 2025-04-02 16:32:52 |s 2025-04-02 |t 96 |w 2016-04-24 |y KY | ||
| 952 | |0 0 |1 0 |2 ddc |3 Θ12 |4 0 |7 0 |9 41285 |a LISP |b LISP |d 2016-04-24 |l 535 |m 1 |p 025000297746 |r 2025-04-03 16:30:31 |s 2025-04-03 |t 108 |w 2016-04-24 |y KY | ||
| 952 | |0 0 |1 0 |2 ddc |3 Ι12 |4 0 |7 0 |9 41286 |a LISP |b LISP |d 2016-04-24 |l 975 |p 025000297687 |r 2025-03-28 13:39:53 |s 2025-03-28 |t 120 |w 2016-04-24 |y KY | ||
| 952 | |0 0 |1 0 |2 ddc |3 ΙΑ12 |4 0 |7 0 |9 41287 |a LISP |b LISP |d 2016-04-24 |l 268 |p 025000297798 |r 2025-03-20 18:55:54 |s 2025-03-18 |t 132 |w 2016-04-24 |y KY | ||
| 952 | |0 0 |1 0 |2 ddc |3 ΙΒ12 |4 0 |7 0 |9 41288 |a LISP |b LISP |d 2016-04-24 |l 157 |p 025000297686 |r 2025-04-01 18:59:43 |s 2025-04-01 |t 144 |w 2016-04-24 |y KY | ||
| 952 | |0 0 |1 0 |2 ddc |3 ΙΓ12 |4 0 |7 0 |9 41289 |a LISP |b LISP |d 2016-04-24 |l 720 |p 025000297653 |r 2025-04-03 14:53:59 |s 2025-04-03 |t 156 |w 2016-04-24 |y KY | ||
| 952 | |0 0 |1 0 |2 ddc |3 ΙΔ12 |4 0 |7 0 |9 41290 |a LISP |b LISP |d 2016-04-24 |l 208 |m 4 |p 025000297802 |r 2025-04-02 18:07:28 |s 2025-04-02 |t 168 |w 2016-04-24 |y KY | ||
| 952 | |0 0 |1 0 |2 ddc |3 ΙΣΤ12 |4 0 |7 0 |9 41291 |a LISP |b LISP |d 2016-04-24 |l 790 |p 025000315806 |r 2025-04-03 12:05:56 |s 2025-04-03 |t 188 |w 2016-04-24 |y KY | ||
| 952 | |0 0 |1 0 |2 ddc |3 ΙΖ12 |4 0 |7 0 |9 41292 |a LISP |b LISP |d 2016-04-24 |l 1016 |p 025000297847 |r 2025-03-26 18:31:19 |s 2025-03-26 |t 200 |w 2016-04-24 |y KY | ||
| 952 | |0 0 |1 0 |2 ddc |3 Μ1 |4 0 |7 0 |9 368609 |a LISP |b LISP |d 2023-02-09 |l 216 |p 025000315859 |r 2025-04-03 18:57:28 |s 2025-04-03 |t 201 |w 2023-02-09 |y KY | ||
| 952 | |0 0 |1 0 |2 ddc |3 Μ3 |4 0 |7 0 |9 368610 |a LISP |b LISP |d 2023-02-09 |l 117 |m 1 |p 025000117529 |r 2024-06-04 00:00:00 |s 2024-06-04 |t 202 |w 2023-02-09 |y KY | ||
| 952 | |0 0 |1 0 |2 ddc |3 Μ4 |4 0 |7 0 |9 368611 |a LISP |b LISP |d 2023-02-09 |l 231 |m 2 |p 025000117534 |r 2025-04-03 18:04:21 |s 2025-04-03 |t 203 |w 2023-02-09 |y KY | ||
| 952 | |0 0 |1 0 |2 ddc |3 Μ5 |4 0 |7 0 |9 368612 |a LISP |b LISP |d 2023-02-09 |l 242 |m 1 |p 025000117630 |r 2025-04-03 17:31:57 |s 2025-04-03 |t 204 |w 2023-02-09 |y KY | ||
| 952 | |0 0 |1 0 |2 ddc |3 Μ6 |4 0 |7 0 |9 368613 |a LISP |b LISP |d 2023-02-09 |l 222 |m 1 |p 025000117616 |r 2025-04-03 18:51:21 |s 2025-04-01 |t 205 |w 2023-02-09 |y KY | ||
| 952 | |0 0 |1 0 |2 ddc |3 Μ7 |4 0 |7 0 |9 368614 |a LISP |b LISP |d 2023-02-09 |l 236 |m 2 |p 025000117614 |r 2025-04-03 17:51:35 |s 2025-04-03 |t 206 |w 2023-02-09 |y KY | ||
| 952 | |0 0 |1 0 |2 ddc |3 Μ8 |4 0 |7 0 |9 368616 |a LISP |b LISP |d 2023-02-09 |l 57 |p 025000117580 |r 2023-06-20 00:00:00 |s 2023-06-19 |t 207 |w 2023-02-09 |y KY | ||
| 952 | |0 0 |1 0 |2 ddc |3 Μ9 |4 0 |7 0 |9 368617 |a LISP |b LISP |d 2023-02-09 |l 58 |p 025000117550 |r 2025-04-02 17:44:31 |s 2025-04-02 |t 208 |w 2023-02-09 |y KY | ||
| 952 | |0 0 |1 0 |2 ddc |3 Μ10 |4 0 |7 0 |9 368618 |a LISP |b LISP |d 2023-02-09 |l 116 |p 025000117554 |r 2024-09-09 13:51:51 |s 2024-09-09 |t 209 |w 2023-02-09 |y KY | ||
| 952 | |0 0 |1 0 |2 ddc |3 Κ17 |4 0 |7 0 |9 376085 |a LISP |b LISP |d 2024-01-05 |l 5 |p 025000117592 |r 2025-01-23 17:23:20 |s 2025-01-22 |t 210 |w 2024-01-05 |y KY | ||
| 952 | |0 0 |1 0 |2 ddc |3 Κ18 |4 0 |7 0 |9 376087 |a LISP |b LISP |d 2024-01-05 |l 2 |p 025000117585 |r 2025-03-18 13:51:49 |s 2024-06-07 |t 211 |w 2024-01-05 |y KY | ||
| 952 | |0 0 |1 0 |2 ddc |3 Κ19 |4 0 |7 0 |9 376088 |a LISP |b LISP |d 2024-01-05 |l 9 |p 025000161572 |r 2025-03-20 18:09:13 |s 2025-03-20 |t 212 |w 2024-01-05 |y KY | ||
| 952 | |0 0 |1 0 |2 ddc |3 Κ20 |4 0 |7 0 |9 376090 |a LISP |b LISP |d 2024-01-05 |l 6 |p 025000117608 |r 2025-01-23 18:30:53 |s 2025-01-23 |t 213 |w 2024-01-05 |y KY | ||
| 952 | |0 0 |1 0 |2 ddc |3 Κ21 |4 0 |7 0 |9 376091 |a LISP |b LISP |d 2024-01-05 |l 3 |p 025000117532 |r 2025-03-19 18:32:40 |s 2025-01-23 |t 214 |w 2024-01-05 |y KY | ||
| 952 | |0 0 |1 0 |2 ddc |3 Κ22 |4 0 |7 0 |9 376094 |a LISP |b LISP |d 2024-01-05 |l 7 |p 025000117558 |r 2025-01-23 18:37:12 |s 2025-01-23 |t 215 |w 2024-01-05 |y KY | ||
| 952 | |0 0 |1 0 |2 ddc |3 Κ23 |4 0 |7 0 |9 376096 |a LISP |b LISP |d 2024-01-05 |l 10 |p 025000117528 |r 2025-01-23 17:42:36 |s 2025-01-23 |t 216 |w 2024-01-05 |y KY | ||
| 952 | |0 0 |1 0 |2 ddc |3 Κ24 |4 0 |7 0 |9 376098 |a LISP |b LISP |d 2024-01-05 |l 12 |p 025000161535 |r 2025-03-19 18:32:12 |s 2025-03-18 |t 217 |w 2024-01-05 |y KY | ||
| 952 | |0 0 |1 0 |2 ddc |3 Κ25 |4 0 |7 0 |9 376100 |a LISP |b LISP |d 2024-01-05 |l 7 |p 025000117527 |r 2025-03-18 17:43:59 |s 2025-01-23 |t 218 |w 2024-01-05 |y KY | ||
| 952 | |0 0 |1 0 |2 ddc |3 Κ26 |4 0 |7 0 |9 376101 |a LISP |b LISP |d 2024-01-05 |l 17 |p 025000161569 |r 2025-03-10 15:52:46 |s 2025-03-10 |t 219 |w 2024-01-05 |y KY | ||
| 952 | |0 0 |1 0 |2 ddc |3 Κ27 |4 0 |7 0 |9 376102 |a LISP |b LISP |d 2024-01-05 |l 6 |p 025000117600 |r 2025-02-26 11:10:31 |s 2025-02-26 |t 220 |w 2024-01-05 |y KY | ||
| 952 | |0 0 |1 0 |2 ddc |3 Κ28 |4 0 |7 0 |9 376103 |a LISP |b LISP |d 2024-01-05 |l 10 |p 025000117601 |r 2025-01-17 18:53:01 |s 2025-01-17 |t 221 |w 2024-01-05 |y KY | ||
| 952 | |0 0 |1 0 |2 ddc |3 Κ29 |4 0 |7 0 |9 376105 |a LISP |b LISP |d 2024-01-05 |l 5 |p 025000117588 |r 2025-03-18 17:28:49 |s 2025-03-18 |t 222 |w 2024-01-05 |y KY | ||
| 952 | |0 0 |1 0 |2 ddc |3 Κ30 |4 0 |7 0 |9 376106 |a LISP |b LISP |d 2024-01-05 |l 7 |p 025000117579 |r 2025-01-17 18:11:31 |s 2025-01-17 |t 223 |w 2024-01-05 |y KY | ||
| 952 | |0 0 |1 0 |2 ddc |3 Κ31 |4 0 |7 0 |9 376107 |a LISP |b LISP |d 2024-01-05 |l 5 |p 025000161524 |r 2025-01-16 18:29:43 |s 2025-01-16 |t 224 |w 2024-01-05 |y KY | ||
| 952 | |0 0 |1 0 |2 ddc |3 Κ32 |4 0 |7 0 |9 376109 |a LISP |b LISP |d 2024-01-05 |l 4 |p 025000117637 |r 2025-01-17 18:56:43 |s 2025-01-17 |t 225 |w 2024-01-05 |y KY | ||
| 952 | |0 0 |1 0 |2 ddc |3 Κ33 |4 0 |7 0 |9 376110 |a LISP |b LISP |d 2024-01-05 |l 12 |p 025000117525 |r 2025-01-23 17:52:41 |s 2025-01-23 |t 226 |w 2024-01-05 |y KY | ||
| 952 | |0 0 |1 0 |2 ddc |3 Κ34 |4 0 |7 0 |9 376111 |a LISP |b LISP |d 2024-01-05 |l 10 |p 025000117604 |r 2025-01-23 16:40:51 |s 2025-01-23 |t 227 |w 2024-01-05 |y KY | ||
| 952 | |0 0 |1 0 |2 ddc |3 Κ35 |4 0 |7 0 |9 376112 |a LISP |b LISP |d 2024-01-05 |l 10 |p 025000161543 |r 2025-02-04 11:56:40 |s 2025-02-04 |t 228 |w 2024-01-05 |y KY | ||
| 952 | |0 0 |1 0 |2 ddc |3 Κ36 |4 0 |7 0 |9 376113 |a LISP |b LISP |d 2024-01-05 |l 9 |p 025000161534 |r 2025-01-23 17:23:15 |s 2025-01-23 |t 229 |w 2024-01-05 |y KY | ||
| 998 | |c ΔΡΑΚΟΠΟΥΛΟΥ |d 2004-02 | ||
| 999 | |c 26386 |d 26386 | ||